<?xml version="1.0" encoding="UTF-8"?>
<record
    xmlns:xsi="http://www.w3.org/2001/XMLSchema-instance"
    xsi:schemaLocation="http://www.loc.gov/MARC21/slim http://www.loc.gov/standards/marcxml/schema/MARC21slim.xsd"
    xmlns="http://www.loc.gov/MARC21/slim">

  <leader>01027nas a2200301 i 4500</leader>
  <controlfield tag="001">000037556</controlfield>
  <controlfield tag="003">DO-SdBNP</controlfield>
  <controlfield tag="005">20250925101038.0</controlfield>
  <controlfield tag="007">ta</controlfield>
  <controlfield tag="008">120425c1997    dr sr1p|dd   ||    0spa d</controlfield>
  <datafield tag="040" ind1=" " ind2=" ">
    <subfield code="a">DO-SdBNP</subfield>
    <subfield code="b">spa</subfield>
    <subfield code="c">BNPHU</subfield>
    <subfield code="e">rda</subfield>
  </datafield>
  <datafield tag="041" ind1=" " ind2=" ">
    <subfield code="h">spa</subfield>
  </datafield>
  <datafield tag="043" ind1=" " ind2=" ">
    <subfield code="a">nwdr</subfield>
  </datafield>
  <datafield tag="110" ind1=" " ind2=" ">
    <subfield code="a">El siglo (Rep&#xFA;blica Dominicana)</subfield>
    <subfield code="9">22914</subfield>
  </datafield>
  <datafield tag="222" ind1=" " ind2="2">
    <subfield code="a">Vi&#xFA;</subfield>
  </datafield>
  <datafield tag="245" ind1="0" ind2="0">
    <subfield code="a">Revista Vi&#xFA; /</subfield>
    <subfield code="c">El siglo (Rep&#xFA;blica Dominicana).</subfield>
  </datafield>
  <datafield tag="264" ind1=" " ind2=" ">
    <subfield code="a">Santo Domingo, Rep&#xFA;blica Dominicana :</subfield>
    <subfield code="b">El Siglo, </subfield>
    <subfield code="c">1997-.</subfield>
  </datafield>
  <datafield tag="300" ind1=" " ind2=" ">
    <subfield code="a">volumen :</subfield>
    <subfield code="b">ilustraciones, fotograf&#xED;as ;</subfield>
    <subfield code="c">29 cm.</subfield>
  </datafield>
  <datafield tag="310" ind1=" " ind2=" ">
    <subfield code="a">Quincenal.</subfield>
  </datafield>
  <datafield tag="336" ind1=" " ind2=" ">
    <subfield code="a">texto</subfield>
    <subfield code="b">txt</subfield>
    <subfield code="2">rdacontent</subfield>
  </datafield>
  <datafield tag="337" ind1=" " ind2=" ">
    <subfield code="a">sin mediaci&#xF3;n </subfield>
    <subfield code="b">n</subfield>
    <subfield code="2">rdamedia</subfield>
  </datafield>
  <datafield tag="338" ind1=" " ind2=" ">
    <subfield code="a">volumen </subfield>
    <subfield code="b">nc</subfield>
    <subfield code="2">rdacarrier</subfield>
  </datafield>
  <datafield tag="362" ind1="1" ind2=" ">
    <subfield code="a">A&#xF1;o 1. no. 1, (may. 1997).</subfield>
  </datafield>
  <datafield tag="500" ind1=" " ind2=" ">
    <subfield code="a">Catalogaci&#xF3;n basada en: A&#xF1;o 1. no. 1, (may. 1997).</subfield>
  </datafield>
  <datafield tag="650" ind1=" " ind2="0">
    <subfield code="a">Sociedad</subfield>
    <subfield code="z">Rep&#xFA;blica Dominicana</subfield>
    <subfield code="v">Publicaciones peri&#xF3;dicas</subfield>
    <subfield code="9">32917</subfield>
  </datafield>
  <datafield tag="651" ind1=" " ind2="0">
    <subfield code="a">Rep&#xFA;blica Dominicana</subfield>
    <subfield code="v">Publicaciones peri&#xF3;dicas </subfield>
    <subfield code="x">Aspectos sociales</subfield>
    <subfield code="9">78065</subfield>
  </datafield>
  <datafield tag="942" ind1=" " ind2=" ">
    <subfield code="2">ddc</subfield>
    <subfield code="c">ISSUE</subfield>
  </datafield>
  <datafield tag="952" ind1=" " ind2=" ">
    <subfield code="0">0</subfield>
    <subfield code="1">0</subfield>
    <subfield code="2">ddc</subfield>
    <subfield code="4">0</subfield>
    <subfield code="5">6</subfield>
    <subfield code="7">0</subfield>
    <subfield code="8">SE</subfield>
    <subfield code="a">BNPHU</subfield>
    <subfield code="b">BNPHU</subfield>
    <subfield code="d">2025-07-23</subfield>
    <subfield code="h">A&#xF1;o 1. no. 1, (may. 1997).</subfield>
    <subfield code="l">0</subfield>
    <subfield code="p">2025-7070</subfield>
    <subfield code="r">2025-07-23</subfield>
    <subfield code="t">e.1</subfield>
    <subfield code="w">2025-07-23</subfield>
    <subfield code="y">ISSUE</subfield>
    <subfield code="z">Opera de las Am&#xE9;ricas: un sue&#xF1;o hecho realidad.</subfield>
  </datafield>
  <datafield tag="952" ind1=" " ind2=" ">
    <subfield code="0">0</subfield>
    <subfield code="1">0</subfield>
    <subfield code="2">ddc</subfield>
    <subfield code="4">0</subfield>
    <subfield code="5">6</subfield>
    <subfield code="7">0</subfield>
    <subfield code="8">SE</subfield>
    <subfield code="a">BNPHU</subfield>
    <subfield code="b">BNPHU</subfield>
    <subfield code="d">2025-07-23</subfield>
    <subfield code="h">A&#xF1;o 1. no. 3, (junio 1997).</subfield>
    <subfield code="l">0</subfield>
    <subfield code="p">2025-7071</subfield>
    <subfield code="r">2025-07-23</subfield>
    <subfield code="t">e.1</subfield>
    <subfield code="w">2025-07-23</subfield>
    <subfield code="y">ISSUE</subfield>
    <subfield code="z">Los Intelectuales.</subfield>
  </datafield>
  <datafield tag="952" ind1=" " ind2=" ">
    <subfield code="0">0</subfield>
    <subfield code="1">0</subfield>
    <subfield code="2">ddc</subfield>
    <subfield code="4">0</subfield>
    <subfield code="5">6</subfield>
    <subfield code="7">0</subfield>
    <subfield code="8">SE</subfield>
    <subfield code="a">BNPHU</subfield>
    <subfield code="b">BNPHU</subfield>
    <subfield code="d">2025-07-23</subfield>
    <subfield code="h">A&#xF1;o 1. no. 4, (junio 1997).</subfield>
    <subfield code="l">0</subfield>
    <subfield code="p">2025-7072</subfield>
    <subfield code="r">2025-07-23</subfield>
    <subfield code="t">e.1</subfield>
    <subfield code="w">2025-07-23</subfield>
    <subfield code="y">ISSUE</subfield>
    <subfield code="z">Un gran reto... Mantenerse en forma.</subfield>
  </datafield>
  <datafield tag="952" ind1=" " ind2=" ">
    <subfield code="0">0</subfield>
    <subfield code="1">0</subfield>
    <subfield code="2">ddc</subfield>
    <subfield code="4">0</subfield>
    <subfield code="5">6</subfield>
    <subfield code="7">0</subfield>
    <subfield code="8">SE</subfield>
    <subfield code="a">BNPHU</subfield>
    <subfield code="b">BNPHU</subfield>
    <subfield code="d">2025-07-23</subfield>
    <subfield code="h">A&#xF1;o 1. no. 5, (julio 1997).</subfield>
    <subfield code="l">0</subfield>
    <subfield code="p">2025-7073</subfield>
    <subfield code="r">2025-07-23</subfield>
    <subfield code="t">e.1</subfield>
    <subfield code="w">2025-07-23</subfield>
    <subfield code="y">ISSUE</subfield>
    <subfield code="z">Vivir es para algunos una aventura.</subfield>
  </datafield>
  <datafield tag="952" ind1=" " ind2=" ">
    <subfield code="0">0</subfield>
    <subfield code="1">0</subfield>
    <subfield code="2">ddc</subfield>
    <subfield code="4">0</subfield>
    <subfield code="5">6</subfield>
    <subfield code="7">0</subfield>
    <subfield code="8">SE</subfield>
    <subfield code="a">BNPHU</subfield>
    <subfield code="b">BNPHU</subfield>
    <subfield code="d">2025-07-23</subfield>
    <subfield code="h">A&#xF1;o 1. no. 6, (julio 1997).</subfield>
    <subfield code="l">0</subfield>
    <subfield code="p">2025-7075</subfield>
    <subfield code="r">2025-07-23</subfield>
    <subfield code="t">e.1</subfield>
    <subfield code="w">2025-07-23</subfield>
    <subfield code="y">ISSUE</subfield>
    <subfield code="z">La comprensi&#xF3;n y el amor de padre. </subfield>
  </datafield>
  <datafield tag="952" ind1=" " ind2=" ">
    <subfield code="0">0</subfield>
    <subfield code="1">0</subfield>
    <subfield code="2">ddc</subfield>
    <subfield code="4">0</subfield>
    <subfield code="5">6</subfield>
    <subfield code="7">0</subfield>
    <subfield code="8">SE</subfield>
    <subfield code="a">BNPHU</subfield>
    <subfield code="b">BNPHU</subfield>
    <subfield code="d">2025-07-23</subfield>
    <subfield code="h">A&#xF1;o 1. no. 7, (agosto 1997).</subfield>
    <subfield code="l">0</subfield>
    <subfield code="p">2025-7076</subfield>
    <subfield code="r">2025-07-23</subfield>
    <subfield code="t">e.1</subfield>
    <subfield code="w">2025-07-23</subfield>
    <subfield code="y">ISSUE</subfield>
    <subfield code="z">Fernando Arredondo: El gran competidor.</subfield>
  </datafield>
  <datafield tag="952" ind1=" " ind2=" ">
    <subfield code="0">0</subfield>
    <subfield code="1">0</subfield>
    <subfield code="2">ddc</subfield>
    <subfield code="4">0</subfield>
    <subfield code="5">6</subfield>
    <subfield code="7">0</subfield>
    <subfield code="8">SE</subfield>
    <subfield code="a">BNPHU</subfield>
    <subfield code="b">BNPHU</subfield>
    <subfield code="d">2025-07-23</subfield>
    <subfield code="h">A&#xF1;o 1. no. 8, (agosto 1997).</subfield>
    <subfield code="l">0</subfield>
    <subfield code="p">2025-7077</subfield>
    <subfield code="r">2025-07-23</subfield>
    <subfield code="t">e.1</subfield>
    <subfield code="w">2025-07-23</subfield>
    <subfield code="y">ISSUE</subfield>
    <subfield code="z">Antonio Dohse, m&#xE9;dico de coraz&#xF3;n. </subfield>
  </datafield>
  <datafield tag="952" ind1=" " ind2=" ">
    <subfield code="0">0</subfield>
    <subfield code="1">0</subfield>
    <subfield code="2">ddc</subfield>
    <subfield code="4">0</subfield>
    <subfield code="5">6</subfield>
    <subfield code="7">0</subfield>
    <subfield code="8">SE</subfield>
    <subfield code="a">BNPHU</subfield>
    <subfield code="b">BNPHU</subfield>
    <subfield code="d">2025-07-23</subfield>
    <subfield code="h">A&#xF1;o 1. no. 8, (agosto 1997).</subfield>
    <subfield code="l">0</subfield>
    <subfield code="p">2025-7078</subfield>
    <subfield code="r">2025-07-23</subfield>
    <subfield code="t">e.2</subfield>
    <subfield code="w">2025-07-23</subfield>
    <subfield code="y">ISSUE</subfield>
    <subfield code="z">Antonio Dohse, m&#xE9;dico de coraz&#xF3;n. </subfield>
  </datafield>
  <datafield tag="952" ind1=" " ind2=" ">
    <subfield code="0">0</subfield>
    <subfield code="1">0</subfield>
    <subfield code="2">ddc</subfield>
    <subfield code="4">0</subfield>
    <subfield code="5">6</subfield>
    <subfield code="7">0</subfield>
    <subfield code="8">SE</subfield>
    <subfield code="a">BNPHU</subfield>
    <subfield code="b">BNPHU</subfield>
    <subfield code="d">2025-07-23</subfield>
    <subfield code="h">A&#xF1;o 1. no. 9, (agosto 1997).</subfield>
    <subfield code="l">0</subfield>
    <subfield code="p">2025-7079</subfield>
    <subfield code="r">2025-07-23</subfield>
    <subfield code="t">e.1</subfield>
    <subfield code="w">2025-07-23</subfield>
    <subfield code="y">ISSUE</subfield>
    <subfield code="z">La pasi&#xF3;n de, Margarita Sim&#xF3;.</subfield>
  </datafield>
  <datafield tag="952" ind1=" " ind2=" ">
    <subfield code="0">0</subfield>
    <subfield code="1">0</subfield>
    <subfield code="2">ddc</subfield>
    <subfield code="4">0</subfield>
    <subfield code="5">6</subfield>
    <subfield code="7">0</subfield>
    <subfield code="8">SE</subfield>
    <subfield code="a">BNPHU</subfield>
    <subfield code="b">BNPHU</subfield>
    <subfield code="d">2025-07-23</subfield>
    <subfield code="h">A&#xF1;o 1. no. 9, (agosto 1997).</subfield>
    <subfield code="l">0</subfield>
    <subfield code="p">2025-7080</subfield>
    <subfield code="r">2025-07-23</subfield>
    <subfield code="t">e.2</subfield>
    <subfield code="w">2025-07-23</subfield>
    <subfield code="y">ISSUE</subfield>
    <subfield code="z">La pasi&#xF3;n de, Margarita Sim&#xF3;.</subfield>
  </datafield>
  <datafield tag="952" ind1=" " ind2=" ">
    <subfield code="0">0</subfield>
    <subfield code="1">0</subfield>
    <subfield code="2">ddc</subfield>
    <subfield code="4">0</subfield>
    <subfield code="5">6</subfield>
    <subfield code="7">0</subfield>
    <subfield code="8">SE</subfield>
    <subfield code="a">BNPHU</subfield>
    <subfield code="b">BNPHU</subfield>
    <subfield code="d">2025-07-23</subfield>
    <subfield code="h">A&#xF1;o 1. no. 10, (septiembre 1997).</subfield>
    <subfield code="l">0</subfield>
    <subfield code="p">2025-7081</subfield>
    <subfield code="r">2025-07-23</subfield>
    <subfield code="t">e.1</subfield>
    <subfield code="w">2025-07-23</subfield>
    <subfield code="y">ISSUE</subfield>
    <subfield code="z">La inocencia de la mirada.</subfield>
  </datafield>
  <datafield tag="952" ind1=" " ind2=" ">
    <subfield code="0">0</subfield>
    <subfield code="1">0</subfield>
    <subfield code="2">ddc</subfield>
    <subfield code="4">0</subfield>
    <subfield code="5">6</subfield>
    <subfield code="7">0</subfield>
    <subfield code="8">SE</subfield>
    <subfield code="a">BNPHU</subfield>
    <subfield code="b">BNPHU</subfield>
    <subfield code="d">2025-07-23</subfield>
    <subfield code="h">A&#xF1;o 1. no. 11, (septiembre 1997).</subfield>
    <subfield code="l">0</subfield>
    <subfield code="p">2025-7082</subfield>
    <subfield code="r">2025-07-23</subfield>
    <subfield code="t">e.1</subfield>
    <subfield code="w">2025-07-23</subfield>
    <subfield code="y">ISSUE</subfield>
    <subfield code="z">Abuela: "Palabras de mil significados".</subfield>
  </datafield>
  <datafield tag="952" ind1=" " ind2=" ">
    <subfield code="0">0</subfield>
    <subfield code="1">0</subfield>
    <subfield code="2">ddc</subfield>
    <subfield code="4">0</subfield>
    <subfield code="5">6</subfield>
    <subfield code="7">0</subfield>
    <subfield code="8">SE</subfield>
    <subfield code="a">BNPHU</subfield>
    <subfield code="b">BNPHU</subfield>
    <subfield code="d">2025-07-23</subfield>
    <subfield code="h">A&#xF1;o 1. no. 12, (octubre 1997).</subfield>
    <subfield code="l">0</subfield>
    <subfield code="p">2025-7083</subfield>
    <subfield code="r">2025-07-23</subfield>
    <subfield code="t">e.1</subfield>
    <subfield code="w">2025-07-23</subfield>
    <subfield code="y">ISSUE</subfield>
    <subfield code="z">Chicas que se complementan y se adoran.</subfield>
  </datafield>
  <datafield tag="952" ind1=" " ind2=" ">
    <subfield code="0">0</subfield>
    <subfield code="1">0</subfield>
    <subfield code="2">ddc</subfield>
    <subfield code="4">0</subfield>
    <subfield code="5">6</subfield>
    <subfield code="7">0</subfield>
    <subfield code="8">SE</subfield>
    <subfield code="a">BNPHU</subfield>
    <subfield code="b">BNPHU</subfield>
    <subfield code="d">2025-07-23</subfield>
    <subfield code="h">A&#xF1;o 1. no. 13, (octubre 1997).</subfield>
    <subfield code="l">0</subfield>
    <subfield code="p">2025-7084</subfield>
    <subfield code="r">2025-07-23</subfield>
    <subfield code="t">e.1</subfield>
    <subfield code="w">2025-07-23</subfield>
    <subfield code="y">ISSUE</subfield>
    <subfield code="z">Nada mejor que una aventura familiar en el mar.</subfield>
  </datafield>
  <datafield tag="952" ind1=" " ind2=" ">
    <subfield code="0">0</subfield>
    <subfield code="1">0</subfield>
    <subfield code="2">ddc</subfield>
    <subfield code="4">0</subfield>
    <subfield code="5">6</subfield>
    <subfield code="7">0</subfield>
    <subfield code="8">SE</subfield>
    <subfield code="a">BNPHU</subfield>
    <subfield code="b">BNPHU</subfield>
    <subfield code="d">2025-07-23</subfield>
    <subfield code="h">A&#xF1;o 1. no. 14, (noviembre 1997).</subfield>
    <subfield code="l">0</subfield>
    <subfield code="p">2025-7085</subfield>
    <subfield code="r">2025-07-23</subfield>
    <subfield code="t">e.1</subfield>
    <subfield code="w">2025-07-23</subfield>
    <subfield code="y">ISSUE</subfield>
    <subfield code="z">Ana Milena Gaviria, cuenta la historia.</subfield>
  </datafield>
  <datafield tag="952" ind1=" " ind2=" ">
    <subfield code="0">0</subfield>
    <subfield code="1">0</subfield>
    <subfield code="2">ddc</subfield>
    <subfield code="4">0</subfield>
    <subfield code="5">6</subfield>
    <subfield code="7">0</subfield>
    <subfield code="8">SE</subfield>
    <subfield code="a">BNPHU</subfield>
    <subfield code="b">BNPHU</subfield>
    <subfield code="d">2025-07-23</subfield>
    <subfield code="h">A&#xF1;o 1. no. 14, (noviembre 1997).</subfield>
    <subfield code="l">0</subfield>
    <subfield code="p">2025-7086</subfield>
    <subfield code="r">2025-07-23</subfield>
    <subfield code="t">e.2</subfield>
    <subfield code="w">2025-07-23</subfield>
    <subfield code="y">ISSUE</subfield>
    <subfield code="z">Ana Milena Gaviria, cuenta la historia.</subfield>
  </datafield>
  <datafield tag="952" ind1=" " ind2=" ">
    <subfield code="0">0</subfield>
    <subfield code="1">0</subfield>
    <subfield code="2">ddc</subfield>
    <subfield code="4">0</subfield>
    <subfield code="5">6</subfield>
    <subfield code="7">0</subfield>
    <subfield code="8">SE</subfield>
    <subfield code="a">BNPHU</subfield>
    <subfield code="b">BNPHU</subfield>
    <subfield code="d">2025-07-23</subfield>
    <subfield code="h">A&#xF1;o 1. no. 15, (noviembre 1997).</subfield>
    <subfield code="l">0</subfield>
    <subfield code="p">2025-7087</subfield>
    <subfield code="r">2025-07-23</subfield>
    <subfield code="t">e.1</subfield>
    <subfield code="w">2025-07-23</subfield>
    <subfield code="y">ISSUE</subfield>
    <subfield code="z">Fernando Fiori&amp;Lourdes Ruiz. Protagonistas de la pantalla chica.</subfield>
  </datafield>
  <datafield tag="952" ind1=" " ind2=" ">
    <subfield code="0">0</subfield>
    <subfield code="1">0</subfield>
    <subfield code="2">ddc</subfield>
    <subfield code="4">0</subfield>
    <subfield code="5">6</subfield>
    <subfield code="7">0</subfield>
    <subfield code="8">SE</subfield>
    <subfield code="a">BNPHU</subfield>
    <subfield code="b">BNPHU</subfield>
    <subfield code="d">2025-07-23</subfield>
    <subfield code="h">A&#xF1;o 1. no. 16, (diciembre 1997).</subfield>
    <subfield code="l">0</subfield>
    <subfield code="p">2025-7090</subfield>
    <subfield code="r">2025-07-23</subfield>
    <subfield code="t">e.1</subfield>
    <subfield code="w">2025-07-23</subfield>
    <subfield code="y">ISSUE</subfield>
    <subfield code="z">Dorita, "Ahora mi estilo es distinto, imi boca ser&#xE1; roja".</subfield>
  </datafield>
  <datafield tag="952" ind1=" " ind2=" ">
    <subfield code="0">0</subfield>
    <subfield code="1">0</subfield>
    <subfield code="2">ddc</subfield>
    <subfield code="4">0</subfield>
    <subfield code="5">6</subfield>
    <subfield code="7">0</subfield>
    <subfield code="8">SE</subfield>
    <subfield code="a">BNPHU</subfield>
    <subfield code="b">BNPHU</subfield>
    <subfield code="d">2025-07-23</subfield>
    <subfield code="h">A&#xF1;o 1. no. 17, (diciembre 1997).</subfield>
    <subfield code="l">0</subfield>
    <subfield code="p">2025-7091</subfield>
    <subfield code="r">2025-07-23</subfield>
    <subfield code="t">e.1</subfield>
    <subfield code="w">2025-07-23</subfield>
    <subfield code="y">ISSUE</subfield>
    <subfield code="z">Navidad: Tiempo de alegr&#xED;a y regocijo en los hogares de las hermanas Ferr&#xFA;a.</subfield>
  </datafield>
  <datafield tag="952" ind1=" " ind2=" ">
    <subfield code="0">0</subfield>
    <subfield code="1">0</subfield>
    <subfield code="2">ddc</subfield>
    <subfield code="4">0</subfield>
    <subfield code="5">6</subfield>
    <subfield code="7">0</subfield>
    <subfield code="8">SE</subfield>
    <subfield code="a">BNPHU</subfield>
    <subfield code="b">BNPHU</subfield>
    <subfield code="d">2025-07-23</subfield>
    <subfield code="h">A&#xF1;o 1. no. 18, (enero 1998).</subfield>
    <subfield code="l">0</subfield>
    <subfield code="p">2025-7092</subfield>
    <subfield code="r">2025-07-23</subfield>
    <subfield code="t">e.1</subfield>
    <subfield code="w">2025-07-23</subfield>
    <subfield code="y">ISSUE</subfield>
    <subfield code="z">"Ante los retos de la vida, Lo importante es no desmayar...".</subfield>
  </datafield>
  <datafield tag="952" ind1=" " ind2=" ">
    <subfield code="0">0</subfield>
    <subfield code="1">0</subfield>
    <subfield code="2">ddc</subfield>
    <subfield code="4">0</subfield>
    <subfield code="5">6</subfield>
    <subfield code="7">0</subfield>
    <subfield code="8">SE</subfield>
    <subfield code="a">BNPHU</subfield>
    <subfield code="b">BNPHU</subfield>
    <subfield code="d">2025-07-23</subfield>
    <subfield code="h">A&#xF1;o 1. no. 19, (enero 1998).</subfield>
    <subfield code="l">0</subfield>
    <subfield code="p">2025-7093</subfield>
    <subfield code="r">2025-07-23</subfield>
    <subfield code="t">e.1</subfield>
    <subfield code="w">2025-07-23</subfield>
    <subfield code="y">ISSUE</subfield>
    <subfield code="z">Maga Rosell&#xF3;, Primera Dama de Puerto Rico.</subfield>
  </datafield>
  <datafield tag="952" ind1=" " ind2=" ">
    <subfield code="0">0</subfield>
    <subfield code="1">0</subfield>
    <subfield code="2">ddc</subfield>
    <subfield code="4">0</subfield>
    <subfield code="5">6</subfield>
    <subfield code="7">0</subfield>
    <subfield code="8">SE</subfield>
    <subfield code="a">BNPHU</subfield>
    <subfield code="b">BNPHU</subfield>
    <subfield code="d">2025-07-23</subfield>
    <subfield code="h">A&#xF1;o 1. no. 20, (enero 1998).</subfield>
    <subfield code="l">0</subfield>
    <subfield code="p">2025-7094</subfield>
    <subfield code="r">2025-07-23</subfield>
    <subfield code="t">e.1</subfield>
    <subfield code="w">2025-07-23</subfield>
    <subfield code="y">ISSUE</subfield>
    <subfield code="z">Soraya Franco y el influjo de la espiritualidad.</subfield>
  </datafield>
  <datafield tag="952" ind1=" " ind2=" ">
    <subfield code="0">0</subfield>
    <subfield code="1">0</subfield>
    <subfield code="2">ddc</subfield>
    <subfield code="4">0</subfield>
    <subfield code="5">6</subfield>
    <subfield code="7">0</subfield>
    <subfield code="8">SE</subfield>
    <subfield code="a">BNPHU</subfield>
    <subfield code="b">BNPHU</subfield>
    <subfield code="d">2025-07-23</subfield>
    <subfield code="h">A&#xF1;o 1. no. 21, (febrero 1998).</subfield>
    <subfield code="l">0</subfield>
    <subfield code="p">2025-7095</subfield>
    <subfield code="r">2025-07-23</subfield>
    <subfield code="t">e.1</subfield>
    <subfield code="w">2025-07-23</subfield>
    <subfield code="y">ISSUE</subfield>
    <subfield code="z">Susy Noel Estrella y Pedro Infante... Cultivan sue&#xF1;os en com&#xFA;n.</subfield>
  </datafield>
  <datafield tag="952" ind1=" " ind2=" ">
    <subfield code="0">0</subfield>
    <subfield code="1">0</subfield>
    <subfield code="2">ddc</subfield>
    <subfield code="4">0</subfield>
    <subfield code="5">6</subfield>
    <subfield code="7">0</subfield>
    <subfield code="8">SE</subfield>
    <subfield code="a">BNPHU</subfield>
    <subfield code="b">BNPHU</subfield>
    <subfield code="d">2025-07-23</subfield>
    <subfield code="h">A&#xF1;o 1. no. 22, (febrero 1998).</subfield>
    <subfield code="l">0</subfield>
    <subfield code="p">2025-7096</subfield>
    <subfield code="r">2025-07-23</subfield>
    <subfield code="t">e.1</subfield>
    <subfield code="w">2025-07-23</subfield>
    <subfield code="y">ISSUE</subfield>
    <subfield code="z">Lissette Alvarez: una estrella de siempre. </subfield>
  </datafield>
  <datafield tag="952" ind1=" " ind2=" ">
    <subfield code="0">0</subfield>
    <subfield code="1">0</subfield>
    <subfield code="2">ddc</subfield>
    <subfield code="4">0</subfield>
    <subfield code="5">6</subfield>
    <subfield code="7">0</subfield>
    <subfield code="8">SE</subfield>
    <subfield code="a">BNPHU</subfield>
    <subfield code="b">BNPHU</subfield>
    <subfield code="d">2025-07-23</subfield>
    <subfield code="h">A&#xF1;o 1. no. 23, (marzo 1998).</subfield>
    <subfield code="l">0</subfield>
    <subfield code="p">2025-7097</subfield>
    <subfield code="r">2025-07-23</subfield>
    <subfield code="t">e.1</subfield>
    <subfield code="w">2025-07-23</subfield>
    <subfield code="y">ISSUE</subfield>
    <subfield code="z">Redondo-Menicucci, una casa, una familia, una tradici&#xF3;n.</subfield>
  </datafield>
  <datafield tag="952" ind1=" " ind2=" ">
    <subfield code="0">0</subfield>
    <subfield code="1">0</subfield>
    <subfield code="2">ddc</subfield>
    <subfield code="4">0</subfield>
    <subfield code="5">6</subfield>
    <subfield code="7">0</subfield>
    <subfield code="8">SE</subfield>
    <subfield code="a">BNPHU</subfield>
    <subfield code="b">BNPHU</subfield>
    <subfield code="d">2025-07-23</subfield>
    <subfield code="h">A&#xF1;o 1. no. 24, (marzo 1998).</subfield>
    <subfield code="l">0</subfield>
    <subfield code="p">2025-7098</subfield>
    <subfield code="r">2025-07-23</subfield>
    <subfield code="t">e.1</subfield>
    <subfield code="w">2025-07-23</subfield>
    <subfield code="y">ISSUE</subfield>
    <subfield code="z">Spyro Gira, el arte de crear Jazz.</subfield>
  </datafield>
  <datafield tag="952" ind1=" " ind2=" ">
    <subfield code="0">0</subfield>
    <subfield code="1">0</subfield>
    <subfield code="2">ddc</subfield>
    <subfield code="4">0</subfield>
    <subfield code="5">6</subfield>
    <subfield code="7">0</subfield>
    <subfield code="8">SE</subfield>
    <subfield code="a">BNPHU</subfield>
    <subfield code="b">BNPHU</subfield>
    <subfield code="d">2025-07-23</subfield>
    <subfield code="h">A&#xF1;o 1. no. 25, (abril 1998).</subfield>
    <subfield code="l">0</subfield>
    <subfield code="p">2025-7099</subfield>
    <subfield code="r">2025-07-23</subfield>
    <subfield code="t">e.1</subfield>
    <subfield code="w">2025-07-23</subfield>
    <subfield code="y">ISSUE</subfield>
    <subfield code="z">Gilka Mel&#xE9;ndez, una mujer que defiende el derecho a vivir mejor.</subfield>
  </datafield>
  <datafield tag="952" ind1=" " ind2=" ">
    <subfield code="0">0</subfield>
    <subfield code="1">0</subfield>
    <subfield code="2">ddc</subfield>
    <subfield code="4">0</subfield>
    <subfield code="5">6</subfield>
    <subfield code="7">0</subfield>
    <subfield code="8">SE</subfield>
    <subfield code="a">BNPHU</subfield>
    <subfield code="b">BNPHU</subfield>
    <subfield code="d">2025-07-23</subfield>
    <subfield code="h">A&#xF1;o 1. no. 25, (abril 1998).</subfield>
    <subfield code="l">0</subfield>
    <subfield code="p">2025-7100</subfield>
    <subfield code="r">2025-07-23</subfield>
    <subfield code="t">e.2</subfield>
    <subfield code="w">2025-07-23</subfield>
    <subfield code="y">ISSUE</subfield>
    <subfield code="z">Gilka Mel&#xE9;ndez, una mujer que defiende el derecho a vivir mejor.</subfield>
  </datafield>
  <datafield tag="952" ind1=" " ind2=" ">
    <subfield code="0">0</subfield>
    <subfield code="1">0</subfield>
    <subfield code="2">ddc</subfield>
    <subfield code="4">0</subfield>
    <subfield code="5">6</subfield>
    <subfield code="7">0</subfield>
    <subfield code="8">SE</subfield>
    <subfield code="a">BNPHU</subfield>
    <subfield code="b">BNPHU</subfield>
    <subfield code="d">2025-07-23</subfield>
    <subfield code="h">A&#xF1;o 1. no. 26, (mayo 1998).</subfield>
    <subfield code="l">0</subfield>
    <subfield code="p">2025-7101</subfield>
    <subfield code="r">2025-07-23</subfield>
    <subfield code="t">e.1</subfield>
    <subfield code="w">2025-07-23</subfield>
    <subfield code="y">ISSUE</subfield>
    <subfield code="z">Enrique Porcella, "Cuando las cosas est&#xE1;n para t&#xED;, nadie te las quita.</subfield>
  </datafield>
  <datafield tag="952" ind1=" " ind2=" ">
    <subfield code="0">0</subfield>
    <subfield code="1">0</subfield>
    <subfield code="2">ddc</subfield>
    <subfield code="4">0</subfield>
    <subfield code="5">6</subfield>
    <subfield code="7">0</subfield>
    <subfield code="8">SE</subfield>
    <subfield code="a">BNPHU</subfield>
    <subfield code="b">BNPHU</subfield>
    <subfield code="d">2025-07-23</subfield>
    <subfield code="h">A&#xF1;o 1. no. 27, (mayo 1998).</subfield>
    <subfield code="l">0</subfield>
    <subfield code="p">2025-7102</subfield>
    <subfield code="r">2025-07-23</subfield>
    <subfield code="t">e.1</subfield>
    <subfield code="w">2025-07-23</subfield>
    <subfield code="y">ISSUE</subfield>
    <subfield code="z">Yilda Yang&#xFC;ela, "Mi hijo Carlos Alfonso es un regalo de Dios".</subfield>
  </datafield>
  <datafield tag="952" ind1=" " ind2=" ">
    <subfield code="0">0</subfield>
    <subfield code="1">0</subfield>
    <subfield code="2">ddc</subfield>
    <subfield code="4">0</subfield>
    <subfield code="5">6</subfield>
    <subfield code="7">0</subfield>
    <subfield code="8">SE</subfield>
    <subfield code="a">BNPHU</subfield>
    <subfield code="b">BNPHU</subfield>
    <subfield code="d">2025-07-23</subfield>
    <subfield code="h">A&#xF1;o 2. no. 28, (junio 1998).</subfield>
    <subfield code="l">0</subfield>
    <subfield code="p">2025-7103</subfield>
    <subfield code="r">2025-07-23</subfield>
    <subfield code="t">e.1</subfield>
    <subfield code="w">2025-07-23</subfield>
    <subfield code="y">ISSUE</subfield>
    <subfield code="z">Jes&#xFA;s Yun&#xE9;n, "Todos tenemos una historia".</subfield>
  </datafield>
  <datafield tag="952" ind1=" " ind2=" ">
    <subfield code="0">0</subfield>
    <subfield code="1">0</subfield>
    <subfield code="2">ddc</subfield>
    <subfield code="4">0</subfield>
    <subfield code="5">6</subfield>
    <subfield code="7">0</subfield>
    <subfield code="8">SE</subfield>
    <subfield code="a">BNPHU</subfield>
    <subfield code="b">BNPHU</subfield>
    <subfield code="d">2025-07-23</subfield>
    <subfield code="h">A&#xF1;o 2. no. 29, (junio 1998).</subfield>
    <subfield code="l">0</subfield>
    <subfield code="p">2025-7104</subfield>
    <subfield code="r">2025-07-23</subfield>
    <subfield code="t">e.1</subfield>
    <subfield code="w">2025-07-23</subfield>
    <subfield code="y">ISSUE</subfield>
    <subfield code="z">Hubert y Shira Franco, "Nuestras prioridades...familia, paz y negocio".</subfield>
  </datafield>
  <datafield tag="952" ind1=" " ind2=" ">
    <subfield code="0">0</subfield>
    <subfield code="1">0</subfield>
    <subfield code="2">ddc</subfield>
    <subfield code="4">0</subfield>
    <subfield code="5">6</subfield>
    <subfield code="7">0</subfield>
    <subfield code="8">SE</subfield>
    <subfield code="a">BNPHU</subfield>
    <subfield code="b">BNPHU</subfield>
    <subfield code="d">2025-07-23</subfield>
    <subfield code="h">A&#xF1;o 2. no. 30, (julio 1998).</subfield>
    <subfield code="l">0</subfield>
    <subfield code="p">2025-7105</subfield>
    <subfield code="r">2025-07-23</subfield>
    <subfield code="t">e.1</subfield>
    <subfield code="w">2025-07-23</subfield>
    <subfield code="y">ISSUE</subfield>
    <subfield code="z">Sammy Sosa, "Todos nacemos iguales... aunque crecemos diferentes".</subfield>
  </datafield>
  <datafield tag="952" ind1=" " ind2=" ">
    <subfield code="0">0</subfield>
    <subfield code="1">0</subfield>
    <subfield code="2">ddc</subfield>
    <subfield code="4">0</subfield>
    <subfield code="5">6</subfield>
    <subfield code="7">0</subfield>
    <subfield code="8">SE</subfield>
    <subfield code="a">BNPHU</subfield>
    <subfield code="b">BNPHU</subfield>
    <subfield code="d">2025-07-23</subfield>
    <subfield code="h">A&#xF1;o 2. no. 31, (julio 1998).</subfield>
    <subfield code="l">0</subfield>
    <subfield code="p">2025-7106</subfield>
    <subfield code="r">2025-07-23</subfield>
    <subfield code="t">e.1</subfield>
    <subfield code="w">2025-07-23</subfield>
    <subfield code="y">ISSUE</subfield>
    <subfield code="z">Luis Freixas y sus hijas.</subfield>
  </datafield>
  <datafield tag="952" ind1=" " ind2=" ">
    <subfield code="0">0</subfield>
    <subfield code="1">0</subfield>
    <subfield code="2">ddc</subfield>
    <subfield code="4">0</subfield>
    <subfield code="5">6</subfield>
    <subfield code="7">0</subfield>
    <subfield code="8">SE</subfield>
    <subfield code="a">BNPHU</subfield>
    <subfield code="b">BNPHU</subfield>
    <subfield code="d">2025-07-23</subfield>
    <subfield code="h">A&#xF1;o 2. no. 32, (julio 1998).</subfield>
    <subfield code="l">0</subfield>
    <subfield code="p">2025-7107</subfield>
    <subfield code="r">2025-07-23</subfield>
    <subfield code="t">e.1</subfield>
    <subfield code="w">2025-07-23</subfield>
    <subfield code="y">ISSUE</subfield>
    <subfield code="z">Tania y Paul Witmond, una pareja de triunfadores.</subfield>
  </datafield>
  <datafield tag="952" ind1=" " ind2=" ">
    <subfield code="0">0</subfield>
    <subfield code="1">0</subfield>
    <subfield code="2">ddc</subfield>
    <subfield code="4">0</subfield>
    <subfield code="5">6</subfield>
    <subfield code="7">0</subfield>
    <subfield code="8">SE</subfield>
    <subfield code="a">BNPHU</subfield>
    <subfield code="b">BNPHU</subfield>
    <subfield code="d">2025-07-23</subfield>
    <subfield code="h">A&#xF1;o 2. no. 32, (julio 1998).</subfield>
    <subfield code="l">0</subfield>
    <subfield code="p">2025-7108</subfield>
    <subfield code="r">2025-07-23</subfield>
    <subfield code="t">e.2</subfield>
    <subfield code="w">2025-07-23</subfield>
    <subfield code="y">ISSUE</subfield>
    <subfield code="z">Tania y Paul Witmond, una pareja de triunfadores.</subfield>
  </datafield>
  <datafield tag="952" ind1=" " ind2=" ">
    <subfield code="0">0</subfield>
    <subfield code="1">0</subfield>
    <subfield code="2">ddc</subfield>
    <subfield code="4">0</subfield>
    <subfield code="5">6</subfield>
    <subfield code="7">0</subfield>
    <subfield code="8">SE</subfield>
    <subfield code="a">BNPHU</subfield>
    <subfield code="b">BNPHU</subfield>
    <subfield code="d">2025-07-23</subfield>
    <subfield code="h">A&#xF1;o 2. no. 33, (agosto 1998).</subfield>
    <subfield code="l">0</subfield>
    <subfield code="p">2025-7109</subfield>
    <subfield code="r">2025-07-23</subfield>
    <subfield code="t">e.1</subfield>
    <subfield code="w">2025-07-23</subfield>
    <subfield code="y">ISSUE</subfield>
    <subfield code="z">Carlos Piantini, "Me siento una persona muy querida".</subfield>
  </datafield>
  <datafield tag="952" ind1=" " ind2=" ">
    <subfield code="0">0</subfield>
    <subfield code="1">0</subfield>
    <subfield code="2">ddc</subfield>
    <subfield code="4">0</subfield>
    <subfield code="5">6</subfield>
    <subfield code="7">0</subfield>
    <subfield code="8">SE</subfield>
    <subfield code="a">BNPHU</subfield>
    <subfield code="b">BNPHU</subfield>
    <subfield code="d">2025-07-23</subfield>
    <subfield code="h">A&#xF1;o 2. no. 33, (agosto 1998).</subfield>
    <subfield code="l">0</subfield>
    <subfield code="p">2025-7110</subfield>
    <subfield code="r">2025-07-23</subfield>
    <subfield code="t">e.2</subfield>
    <subfield code="w">2025-07-23</subfield>
    <subfield code="y">ISSUE</subfield>
    <subfield code="z">Carlos Piantini, "Me siento una persona muy querida".</subfield>
  </datafield>
  <datafield tag="952" ind1=" " ind2=" ">
    <subfield code="0">0</subfield>
    <subfield code="1">0</subfield>
    <subfield code="2">ddc</subfield>
    <subfield code="4">0</subfield>
    <subfield code="5">6</subfield>
    <subfield code="7">0</subfield>
    <subfield code="8">SE</subfield>
    <subfield code="a">BNPHU</subfield>
    <subfield code="b">BNPHU</subfield>
    <subfield code="d">2025-07-23</subfield>
    <subfield code="h">A&#xF1;o 2. no. 34, (agosto 1998).</subfield>
    <subfield code="l">0</subfield>
    <subfield code="p">2025-7111</subfield>
    <subfield code="r">2025-07-23</subfield>
    <subfield code="t">e.1</subfield>
    <subfield code="w">2025-07-23</subfield>
    <subfield code="y">ISSUE</subfield>
    <subfield code="z">Lyle Reitzel, "Por amor al arte".</subfield>
  </datafield>
  <datafield tag="952" ind1=" " ind2=" ">
    <subfield code="0">0</subfield>
    <subfield code="1">0</subfield>
    <subfield code="2">ddc</subfield>
    <subfield code="4">0</subfield>
    <subfield code="5">6</subfield>
    <subfield code="7">0</subfield>
    <subfield code="8">SE</subfield>
    <subfield code="a">BNPHU</subfield>
    <subfield code="b">BNPHU</subfield>
    <subfield code="d">2025-07-23</subfield>
    <subfield code="h">A&#xF1;o 2. no. 35, (septiembre 1998).</subfield>
    <subfield code="l">0</subfield>
    <subfield code="p">2025-7112</subfield>
    <subfield code="r">2025-07-23</subfield>
    <subfield code="t">e.1</subfield>
    <subfield code="w">2025-07-23</subfield>
    <subfield code="y">ISSUE</subfield>
    <subfield code="z">Almita Copello, "Nacida para triunfar".</subfield>
  </datafield>
  <datafield tag="952" ind1=" " ind2=" ">
    <subfield code="0">0</subfield>
    <subfield code="1">0</subfield>
    <subfield code="2">ddc</subfield>
    <subfield code="4">0</subfield>
    <subfield code="5">6</subfield>
    <subfield code="7">0</subfield>
    <subfield code="8">SE</subfield>
    <subfield code="a">BNPHU</subfield>
    <subfield code="b">BNPHU</subfield>
    <subfield code="d">2025-07-23</subfield>
    <subfield code="h">A&#xF1;o 2. no. 36, (septiembre 1998).</subfield>
    <subfield code="l">0</subfield>
    <subfield code="p">2025-7113</subfield>
    <subfield code="r">2025-07-23</subfield>
    <subfield code="t">e.1</subfield>
    <subfield code="w">2025-07-23</subfield>
    <subfield code="y">ISSUE</subfield>
    <subfield code="z">Pedro Sevcec, "Con este trabajo puedes en s&#xF3;lo una semana, envejecer un a&#xF1;o".</subfield>
  </datafield>
  <datafield tag="952" ind1=" " ind2=" ">
    <subfield code="0">0</subfield>
    <subfield code="1">0</subfield>
    <subfield code="2">ddc</subfield>
    <subfield code="4">0</subfield>
    <subfield code="5">6</subfield>
    <subfield code="7">0</subfield>
    <subfield code="8">SE</subfield>
    <subfield code="a">BNPHU</subfield>
    <subfield code="b">BNPHU</subfield>
    <subfield code="d">2025-07-23</subfield>
    <subfield code="h">A&#xF1;o 2. no. 37, (octubre 1998).</subfield>
    <subfield code="l">0</subfield>
    <subfield code="p">2025-7114</subfield>
    <subfield code="r">2025-07-23</subfield>
    <subfield code="t">e.1</subfield>
    <subfield code="w">2025-07-23</subfield>
    <subfield code="y">ISSUE</subfield>
    <subfield code="z">"Mujeres con el poder de la palabra".</subfield>
  </datafield>
  <datafield tag="952" ind1=" " ind2=" ">
    <subfield code="0">0</subfield>
    <subfield code="1">0</subfield>
    <subfield code="2">ddc</subfield>
    <subfield code="4">0</subfield>
    <subfield code="5">6</subfield>
    <subfield code="7">0</subfield>
    <subfield code="8">SE</subfield>
    <subfield code="a">BNPHU</subfield>
    <subfield code="b">BNPHU</subfield>
    <subfield code="d">2025-07-23</subfield>
    <subfield code="h">A&#xF1;o 2. no. 38, (noviembre 1998).</subfield>
    <subfield code="l">0</subfield>
    <subfield code="p">2025-7115</subfield>
    <subfield code="r">2025-07-23</subfield>
    <subfield code="t">e.1</subfield>
    <subfield code="w">2025-07-23</subfield>
    <subfield code="y">ISSUE</subfield>
    <subfield code="z">Edici&#xF3;n especial de Hermanos.</subfield>
  </datafield>
  <datafield tag="952" ind1=" " ind2=" ">
    <subfield code="0">0</subfield>
    <subfield code="1">0</subfield>
    <subfield code="2">ddc</subfield>
    <subfield code="4">0</subfield>
    <subfield code="5">6</subfield>
    <subfield code="7">0</subfield>
    <subfield code="8">SE</subfield>
    <subfield code="a">BNPHU</subfield>
    <subfield code="b">BNPHU</subfield>
    <subfield code="d">2025-07-23</subfield>
    <subfield code="h">A&#xF1;o 2. no. 39, (noviembre 1998).</subfield>
    <subfield code="l">0</subfield>
    <subfield code="p">2025-7116</subfield>
    <subfield code="r">2025-07-23</subfield>
    <subfield code="t">e.1</subfield>
    <subfield code="w">2025-07-23</subfield>
    <subfield code="y">ISSUE</subfield>
    <subfield code="z">Susy Acra, entre la m&#xFA;sica y la ense&#xF1;anza.</subfield>
  </datafield>
  <datafield tag="952" ind1=" " ind2=" ">
    <subfield code="0">0</subfield>
    <subfield code="1">0</subfield>
    <subfield code="2">ddc</subfield>
    <subfield code="4">0</subfield>
    <subfield code="5">6</subfield>
    <subfield code="7">0</subfield>
    <subfield code="8">SE</subfield>
    <subfield code="a">BNPHU</subfield>
    <subfield code="b">BNPHU</subfield>
    <subfield code="d">2025-07-23</subfield>
    <subfield code="h">A&#xF1;o 2. no. 40, (diciembre 1998).</subfield>
    <subfield code="l">0</subfield>
    <subfield code="p">2025-7117</subfield>
    <subfield code="r">2025-07-23</subfield>
    <subfield code="t">e.1</subfield>
    <subfield code="w">2025-07-23</subfield>
    <subfield code="y">ISSUE</subfield>
    <subfield code="z">Los due&#xF1;os de la noche.</subfield>
  </datafield>
  <datafield tag="952" ind1=" " ind2=" ">
    <subfield code="0">0</subfield>
    <subfield code="1">0</subfield>
    <subfield code="2">ddc</subfield>
    <subfield code="4">0</subfield>
    <subfield code="5">6</subfield>
    <subfield code="7">0</subfield>
    <subfield code="8">SE</subfield>
    <subfield code="a">BNPHU</subfield>
    <subfield code="b">BNPHU</subfield>
    <subfield code="d">2025-07-23</subfield>
    <subfield code="h">A&#xF1;o 2. no. 41, (diciembre 1998).</subfield>
    <subfield code="l">0</subfield>
    <subfield code="p">2025-7118</subfield>
    <subfield code="r">2025-07-23</subfield>
    <subfield code="t">e.1</subfield>
    <subfield code="w">2025-07-23</subfield>
    <subfield code="y">ISSUE</subfield>
    <subfield code="z">Los m&#xE1;s relevantes del 1998.</subfield>
  </datafield>
  <datafield tag="952" ind1=" " ind2=" ">
    <subfield code="0">0</subfield>
    <subfield code="1">0</subfield>
    <subfield code="2">ddc</subfield>
    <subfield code="4">0</subfield>
    <subfield code="5">6</subfield>
    <subfield code="7">0</subfield>
    <subfield code="8">SE</subfield>
    <subfield code="a">BNPHU</subfield>
    <subfield code="b">BNPHU</subfield>
    <subfield code="d">2025-07-24</subfield>
    <subfield code="h">A&#xF1;o 2. no. 42, (enero 1999).</subfield>
    <subfield code="l">0</subfield>
    <subfield code="p">2025-7120</subfield>
    <subfield code="r">2025-07-24</subfield>
    <subfield code="t">e.1</subfield>
    <subfield code="w">2025-07-24</subfield>
    <subfield code="y">ISSUE</subfield>
    <subfield code="z">Lliamel Figueroa: una mujer con fortaleza espiritual incalculable.</subfield>
  </datafield>
  <datafield tag="952" ind1=" " ind2=" ">
    <subfield code="0">0</subfield>
    <subfield code="1">0</subfield>
    <subfield code="2">ddc</subfield>
    <subfield code="4">0</subfield>
    <subfield code="5">6</subfield>
    <subfield code="7">0</subfield>
    <subfield code="8">SE</subfield>
    <subfield code="a">BNPHU</subfield>
    <subfield code="b">BNPHU</subfield>
    <subfield code="d">2025-07-24</subfield>
    <subfield code="h">A&#xF1;o 2. no. 43, (enero 1999).</subfield>
    <subfield code="l">0</subfield>
    <subfield code="p">2025-7121</subfield>
    <subfield code="r">2025-07-24</subfield>
    <subfield code="t">e.1</subfield>
    <subfield code="w">2025-07-24</subfield>
    <subfield code="y">ISSUE</subfield>
    <subfield code="z">"Un rato en la oficina de" Mauricio de Moya.</subfield>
  </datafield>
  <datafield tag="952" ind1=" " ind2=" ">
    <subfield code="0">0</subfield>
    <subfield code="1">0</subfield>
    <subfield code="2">ddc</subfield>
    <subfield code="4">0</subfield>
    <subfield code="5">6</subfield>
    <subfield code="7">0</subfield>
    <subfield code="8">SE</subfield>
    <subfield code="a">BNPHU</subfield>
    <subfield code="b">BNPHU</subfield>
    <subfield code="d">2025-07-24</subfield>
    <subfield code="h">A&#xF1;o 2. no. 43, (enero 1999).</subfield>
    <subfield code="l">0</subfield>
    <subfield code="p">2025-7122</subfield>
    <subfield code="r">2025-07-24</subfield>
    <subfield code="t">e.2</subfield>
    <subfield code="w">2025-07-24</subfield>
    <subfield code="y">ISSUE</subfield>
    <subfield code="z">"Un rato en la oficina de" Mauricio de Moya.</subfield>
  </datafield>
  <datafield tag="952" ind1=" " ind2=" ">
    <subfield code="0">0</subfield>
    <subfield code="1">0</subfield>
    <subfield code="2">ddc</subfield>
    <subfield code="4">0</subfield>
    <subfield code="5">6</subfield>
    <subfield code="7">0</subfield>
    <subfield code="8">SE</subfield>
    <subfield code="a">BNPHU</subfield>
    <subfield code="b">BNPHU</subfield>
    <subfield code="d">2025-07-24</subfield>
    <subfield code="h">A&#xF1;o 2. no. 44, (febrero 1999).</subfield>
    <subfield code="l">0</subfield>
    <subfield code="p">2025-7123</subfield>
    <subfield code="r">2025-07-24</subfield>
    <subfield code="t">e.1</subfield>
    <subfield code="w">2025-07-24</subfield>
    <subfield code="y">ISSUE</subfield>
    <subfield code="z">Lissy &amp; Jaime David Fern&#xE1;ndez.</subfield>
  </datafield>
  <datafield tag="952" ind1=" " ind2=" ">
    <subfield code="0">0</subfield>
    <subfield code="1">0</subfield>
    <subfield code="2">ddc</subfield>
    <subfield code="4">0</subfield>
    <subfield code="5">6</subfield>
    <subfield code="7">0</subfield>
    <subfield code="8">SE</subfield>
    <subfield code="a">BNPHU</subfield>
    <subfield code="b">BNPHU</subfield>
    <subfield code="d">2025-07-24</subfield>
    <subfield code="h">A&#xF1;o 2. no. 45, (febrero 1999).</subfield>
    <subfield code="l">0</subfield>
    <subfield code="p">2025-7124</subfield>
    <subfield code="r">2025-07-24</subfield>
    <subfield code="t">e.1</subfield>
    <subfield code="w">2025-07-24</subfield>
    <subfield code="y">ISSUE</subfield>
    <subfield code="z">Janet Rivera: El Carnaval Vegano tradici&#xF3;n con la que se identifica.</subfield>
  </datafield>
  <datafield tag="952" ind1=" " ind2=" ">
    <subfield code="0">0</subfield>
    <subfield code="1">0</subfield>
    <subfield code="2">ddc</subfield>
    <subfield code="4">0</subfield>
    <subfield code="5">6</subfield>
    <subfield code="7">0</subfield>
    <subfield code="8">SE</subfield>
    <subfield code="a">BNPHU</subfield>
    <subfield code="b">BNPHU</subfield>
    <subfield code="d">2025-07-24</subfield>
    <subfield code="h">A&#xF1;o 2. no. 45, (febrero 1999).</subfield>
    <subfield code="l">0</subfield>
    <subfield code="p">2025-7125</subfield>
    <subfield code="r">2025-07-24</subfield>
    <subfield code="t">e.2</subfield>
    <subfield code="w">2025-07-24</subfield>
    <subfield code="y">ISSUE</subfield>
    <subfield code="z">Janet Rivera: El Carnaval Vegano tradici&#xF3;n con la que se identifica.</subfield>
  </datafield>
  <datafield tag="952" ind1=" " ind2=" ">
    <subfield code="0">0</subfield>
    <subfield code="1">0</subfield>
    <subfield code="2">ddc</subfield>
    <subfield code="4">0</subfield>
    <subfield code="5">6</subfield>
    <subfield code="7">0</subfield>
    <subfield code="8">SE</subfield>
    <subfield code="a">BNPHU</subfield>
    <subfield code="b">BNPHU</subfield>
    <subfield code="d">2025-07-24</subfield>
    <subfield code="h">A&#xF1;o 2. no. 46, (marzo 1999).</subfield>
    <subfield code="l">0</subfield>
    <subfield code="p">2025-7126</subfield>
    <subfield code="r">2025-07-24</subfield>
    <subfield code="t">e.1</subfield>
    <subfield code="w">2025-07-24</subfield>
    <subfield code="y">ISSUE</subfield>
    <subfield code="z">Edici&#xF3;n Especial: D&#xED;a Internacional de la Mujer. </subfield>
  </datafield>
  <datafield tag="952" ind1=" " ind2=" ">
    <subfield code="0">0</subfield>
    <subfield code="1">0</subfield>
    <subfield code="2">ddc</subfield>
    <subfield code="4">0</subfield>
    <subfield code="5">6</subfield>
    <subfield code="7">0</subfield>
    <subfield code="8">SE</subfield>
    <subfield code="a">BNPHU</subfield>
    <subfield code="b">BNPHU</subfield>
    <subfield code="d">2025-07-24</subfield>
    <subfield code="h">A&#xF1;o 2. no. 46, (marzo 1999).</subfield>
    <subfield code="l">0</subfield>
    <subfield code="p">2025-7127</subfield>
    <subfield code="r">2025-07-24</subfield>
    <subfield code="t">e.2</subfield>
    <subfield code="w">2025-07-24</subfield>
    <subfield code="y">ISSUE</subfield>
    <subfield code="z">Edici&#xF3;n Especial: D&#xED;a Internacional de la Mujer. </subfield>
  </datafield>
  <datafield tag="952" ind1=" " ind2=" ">
    <subfield code="0">0</subfield>
    <subfield code="1">0</subfield>
    <subfield code="2">ddc</subfield>
    <subfield code="4">0</subfield>
    <subfield code="5">6</subfield>
    <subfield code="7">0</subfield>
    <subfield code="8">SE</subfield>
    <subfield code="a">BNPHU</subfield>
    <subfield code="b">BNPHU</subfield>
    <subfield code="d">2025-07-24</subfield>
    <subfield code="h">A&#xF1;o 2. no. 47, (marzo 1999).</subfield>
    <subfield code="l">0</subfield>
    <subfield code="p">2025-7128</subfield>
    <subfield code="r">2025-07-24</subfield>
    <subfield code="t">e.1</subfield>
    <subfield code="w">2025-07-24</subfield>
    <subfield code="y">ISSUE</subfield>
    <subfield code="z">Miriam G&#xF6;ttsch de Raful.</subfield>
  </datafield>
  <datafield tag="952" ind1=" " ind2=" ">
    <subfield code="0">0</subfield>
    <subfield code="1">0</subfield>
    <subfield code="2">ddc</subfield>
    <subfield code="4">0</subfield>
    <subfield code="5">6</subfield>
    <subfield code="7">0</subfield>
    <subfield code="8">SE</subfield>
    <subfield code="a">BNPHU</subfield>
    <subfield code="b">BNPHU</subfield>
    <subfield code="d">2025-07-24</subfield>
    <subfield code="h">A&#xF1;o 2. no. 47, (marzo 1999).</subfield>
    <subfield code="l">0</subfield>
    <subfield code="p">2025-7129</subfield>
    <subfield code="r">2025-07-24</subfield>
    <subfield code="t">e.1</subfield>
    <subfield code="w">2025-07-24</subfield>
    <subfield code="y">ISSUE</subfield>
    <subfield code="z">Heineken en vivo en Altos de Chav&#xF3;n.</subfield>
  </datafield>
  <datafield tag="952" ind1=" " ind2=" ">
    <subfield code="0">0</subfield>
    <subfield code="1">0</subfield>
    <subfield code="2">ddc</subfield>
    <subfield code="4">0</subfield>
    <subfield code="5">6</subfield>
    <subfield code="7">0</subfield>
    <subfield code="8">SE</subfield>
    <subfield code="a">BNPHU</subfield>
    <subfield code="b">BNPHU</subfield>
    <subfield code="d">2025-07-24</subfield>
    <subfield code="h">A&#xF1;o 2. no. 48, (abril 1999).</subfield>
    <subfield code="l">0</subfield>
    <subfield code="p">2025-7130</subfield>
    <subfield code="r">2025-07-24</subfield>
    <subfield code="t">e.1</subfield>
    <subfield code="w">2025-07-24</subfield>
    <subfield code="y">ISSUE</subfield>
    <subfield code="z">Asociaci&#xF3;n Nacional de J&#xF3;venes Empresarios.</subfield>
  </datafield>
  <datafield tag="952" ind1=" " ind2=" ">
    <subfield code="0">0</subfield>
    <subfield code="1">0</subfield>
    <subfield code="2">ddc</subfield>
    <subfield code="4">0</subfield>
    <subfield code="5">6</subfield>
    <subfield code="7">0</subfield>
    <subfield code="8">SE</subfield>
    <subfield code="a">BNPHU</subfield>
    <subfield code="b">BNPHU</subfield>
    <subfield code="d">2025-07-24</subfield>
    <subfield code="h">A&#xF1;o 2. no. 49, (abril 1999).</subfield>
    <subfield code="l">0</subfield>
    <subfield code="p">2025-7131</subfield>
    <subfield code="r">2025-07-24</subfield>
    <subfield code="t">e.1</subfield>
    <subfield code="w">2025-07-24</subfield>
    <subfield code="y">ISSUE</subfield>
    <subfield code="z">Alina Abr&#xE9;u: entre tules y zapatillas su sue&#xF1;o se hizo realidad.</subfield>
  </datafield>
  <datafield tag="952" ind1=" " ind2=" ">
    <subfield code="0">0</subfield>
    <subfield code="1">0</subfield>
    <subfield code="2">ddc</subfield>
    <subfield code="4">0</subfield>
    <subfield code="5">6</subfield>
    <subfield code="7">0</subfield>
    <subfield code="8">SE</subfield>
    <subfield code="a">BNPHU</subfield>
    <subfield code="b">BNPHU</subfield>
    <subfield code="d">2025-07-24</subfield>
    <subfield code="h">A&#xF1;o 2. no. 50, (mayo 1999).</subfield>
    <subfield code="l">0</subfield>
    <subfield code="p">2025-7132</subfield>
    <subfield code="r">2025-07-24</subfield>
    <subfield code="t">e.1</subfield>
    <subfield code="w">2025-07-24</subfield>
    <subfield code="y">ISSUE</subfield>
    <subfield code="z">Alfredo Vorshirm.</subfield>
  </datafield>
  <datafield tag="952" ind1=" " ind2=" ">
    <subfield code="0">0</subfield>
    <subfield code="1">0</subfield>
    <subfield code="2">ddc</subfield>
    <subfield code="4">0</subfield>
    <subfield code="5">6</subfield>
    <subfield code="7">0</subfield>
    <subfield code="8">SE</subfield>
    <subfield code="a">BNPHU</subfield>
    <subfield code="b">BNPHU</subfield>
    <subfield code="d">2025-07-24</subfield>
    <subfield code="h">A&#xF1;o 2. no. 50, (mayo 1999).</subfield>
    <subfield code="l">0</subfield>
    <subfield code="p">2025-7133</subfield>
    <subfield code="r">2025-07-24</subfield>
    <subfield code="t">e.2</subfield>
    <subfield code="w">2025-07-24</subfield>
    <subfield code="y">ISSUE</subfield>
    <subfield code="z">Alfredo Vorshirm.</subfield>
  </datafield>
  <datafield tag="952" ind1=" " ind2=" ">
    <subfield code="0">0</subfield>
    <subfield code="1">0</subfield>
    <subfield code="2">ddc</subfield>
    <subfield code="4">0</subfield>
    <subfield code="5">6</subfield>
    <subfield code="7">0</subfield>
    <subfield code="8">SE</subfield>
    <subfield code="a">BNPHU</subfield>
    <subfield code="b">BNPHU</subfield>
    <subfield code="d">2025-07-24</subfield>
    <subfield code="h">A&#xF1;o 2. no. 50, (mayo 1999).</subfield>
    <subfield code="l">0</subfield>
    <subfield code="p">2025-7134</subfield>
    <subfield code="r">2025-07-24</subfield>
    <subfield code="t">e.3</subfield>
    <subfield code="w">2025-07-24</subfield>
    <subfield code="y">ISSUE</subfield>
    <subfield code="z">Alfredo Vorshirm.</subfield>
  </datafield>
  <datafield tag="952" ind1=" " ind2=" ">
    <subfield code="0">0</subfield>
    <subfield code="1">0</subfield>
    <subfield code="2">ddc</subfield>
    <subfield code="4">0</subfield>
    <subfield code="5">6</subfield>
    <subfield code="7">0</subfield>
    <subfield code="8">SE</subfield>
    <subfield code="a">BNPHU</subfield>
    <subfield code="b">BNPHU</subfield>
    <subfield code="d">2025-07-24</subfield>
    <subfield code="h">A&#xF1;o 2. no. 51, (mayo 1999).</subfield>
    <subfield code="l">0</subfield>
    <subfield code="p">2025-7135</subfield>
    <subfield code="r">2025-07-24</subfield>
    <subfield code="t">e.1</subfield>
    <subfield code="w">2025-07-24</subfield>
    <subfield code="y">ISSUE</subfield>
    <subfield code="z">Cuchita de Grull&#xF3;n: "Tengo una familia nuclear".</subfield>
  </datafield>
  <datafield tag="952" ind1=" " ind2=" ">
    <subfield code="0">0</subfield>
    <subfield code="1">0</subfield>
    <subfield code="2">ddc</subfield>
    <subfield code="4">0</subfield>
    <subfield code="5">6</subfield>
    <subfield code="7">0</subfield>
    <subfield code="8">SE</subfield>
    <subfield code="a">BNPHU</subfield>
    <subfield code="b">BNPHU</subfield>
    <subfield code="d">2025-07-24</subfield>
    <subfield code="h">A&#xF1;o 2. no. 51, (mayo 1999).</subfield>
    <subfield code="l">0</subfield>
    <subfield code="p">2025-7136</subfield>
    <subfield code="r">2025-07-24</subfield>
    <subfield code="t">e.2</subfield>
    <subfield code="w">2025-07-24</subfield>
    <subfield code="y">ISSUE</subfield>
    <subfield code="z">Cuchita de Grull&#xF3;n: "Tengo una familia nuclear".</subfield>
  </datafield>
  <datafield tag="952" ind1=" " ind2=" ">
    <subfield code="0">0</subfield>
    <subfield code="1">0</subfield>
    <subfield code="2">ddc</subfield>
    <subfield code="4">0</subfield>
    <subfield code="5">6</subfield>
    <subfield code="7">0</subfield>
    <subfield code="8">SE</subfield>
    <subfield code="a">BNPHU</subfield>
    <subfield code="b">BNPHU</subfield>
    <subfield code="d">2025-07-24</subfield>
    <subfield code="h">A&#xF1;o 2. no. 51, (mayo 1999).</subfield>
    <subfield code="l">0</subfield>
    <subfield code="p">2025-7137</subfield>
    <subfield code="r">2025-07-24</subfield>
    <subfield code="t">e.3</subfield>
    <subfield code="w">2025-07-24</subfield>
    <subfield code="y">ISSUE</subfield>
    <subfield code="z">Cuchita de Grull&#xF3;n: "Tengo una familia nuclear".</subfield>
  </datafield>
  <datafield tag="952" ind1=" " ind2=" ">
    <subfield code="0">0</subfield>
    <subfield code="1">0</subfield>
    <subfield code="2">ddc</subfield>
    <subfield code="4">0</subfield>
    <subfield code="5">6</subfield>
    <subfield code="7">0</subfield>
    <subfield code="8">SE</subfield>
    <subfield code="a">BNPHU</subfield>
    <subfield code="b">BNPHU</subfield>
    <subfield code="d">2025-07-24</subfield>
    <subfield code="h">A&#xF1;o 2. no. 52, (junio 1999).</subfield>
    <subfield code="l">0</subfield>
    <subfield code="p">2025-7138</subfield>
    <subfield code="r">2025-07-24</subfield>
    <subfield code="t">e.1</subfield>
    <subfield code="w">2025-07-24</subfield>
    <subfield code="y">ISSUE</subfield>
    <subfield code="z">Myrka Dellanos: "He sabido aquilatar mis logros".</subfield>
  </datafield>
  <datafield tag="952" ind1=" " ind2=" ">
    <subfield code="0">0</subfield>
    <subfield code="1">0</subfield>
    <subfield code="2">ddc</subfield>
    <subfield code="4">0</subfield>
    <subfield code="5">6</subfield>
    <subfield code="7">0</subfield>
    <subfield code="8">SE</subfield>
    <subfield code="a">BNPHU</subfield>
    <subfield code="b">BNPHU</subfield>
    <subfield code="d">2025-07-24</subfield>
    <subfield code="h">A&#xF1;o 2. no. 52, (junio 1999).</subfield>
    <subfield code="l">0</subfield>
    <subfield code="p">2025-7139</subfield>
    <subfield code="r">2025-07-24</subfield>
    <subfield code="t">e.2</subfield>
    <subfield code="w">2025-07-24</subfield>
    <subfield code="y">ISSUE</subfield>
    <subfield code="z">Myrka Dellanos: "He sabido aquilatar mis logros".</subfield>
  </datafield>
  <datafield tag="952" ind1=" " ind2=" ">
    <subfield code="0">0</subfield>
    <subfield code="1">0</subfield>
    <subfield code="2">ddc</subfield>
    <subfield code="4">0</subfield>
    <subfield code="5">6</subfield>
    <subfield code="7">0</subfield>
    <subfield code="8">SE</subfield>
    <subfield code="a">BNPHU</subfield>
    <subfield code="b">BNPHU</subfield>
    <subfield code="d">2025-07-24</subfield>
    <subfield code="h">A&#xF1;o 2. no. 53, (junio 1999).</subfield>
    <subfield code="l">0</subfield>
    <subfield code="p">2025-7140</subfield>
    <subfield code="r">2025-07-24</subfield>
    <subfield code="t">e.1</subfield>
    <subfield code="w">2025-07-24</subfield>
    <subfield code="y">ISSUE</subfield>
    <subfield code="z">Juan Vel&#xE1;zquez: no existen par&#xE1;metros.</subfield>
  </datafield>
  <datafield tag="952" ind1=" " ind2=" ">
    <subfield code="0">0</subfield>
    <subfield code="1">0</subfield>
    <subfield code="2">ddc</subfield>
    <subfield code="4">0</subfield>
    <subfield code="5">6</subfield>
    <subfield code="7">0</subfield>
    <subfield code="8">SE</subfield>
    <subfield code="a">BNPHU</subfield>
    <subfield code="b">BNPHU</subfield>
    <subfield code="d">2025-07-24</subfield>
    <subfield code="h">A&#xF1;o 2. no. 54, (julio 1999).</subfield>
    <subfield code="l">0</subfield>
    <subfield code="p">2025-7141</subfield>
    <subfield code="r">2025-07-24</subfield>
    <subfield code="t">e.1</subfield>
    <subfield code="w">2025-07-24</subfield>
    <subfield code="y">ISSUE</subfield>
    <subfield code="z">Militza Iankova desde Bulgaria...Por amor al arte.</subfield>
  </datafield>
  <datafield tag="952" ind1=" " ind2=" ">
    <subfield code="0">0</subfield>
    <subfield code="1">0</subfield>
    <subfield code="2">ddc</subfield>
    <subfield code="4">0</subfield>
    <subfield code="5">6</subfield>
    <subfield code="7">0</subfield>
    <subfield code="8">SE</subfield>
    <subfield code="a">BNPHU</subfield>
    <subfield code="b">BNPHU</subfield>
    <subfield code="d">2025-07-24</subfield>
    <subfield code="h">A&#xF1;o 2. no. 55, (julio 1999).</subfield>
    <subfield code="l">0</subfield>
    <subfield code="p">2025-7143</subfield>
    <subfield code="r">2025-07-24</subfield>
    <subfield code="t">e.1</subfield>
    <subfield code="w">2025-07-24</subfield>
    <subfield code="y">ISSUE</subfield>
    <subfield code="z">Aldo Leschhorn: "Sin mis hijos concebir&#xED;a la vida una utop&#xED;a".</subfield>
  </datafield>
  <datafield tag="952" ind1=" " ind2=" ">
    <subfield code="0">0</subfield>
    <subfield code="1">0</subfield>
    <subfield code="2">ddc</subfield>
    <subfield code="4">0</subfield>
    <subfield code="5">6</subfield>
    <subfield code="7">0</subfield>
    <subfield code="8">SE</subfield>
    <subfield code="a">BNPHU</subfield>
    <subfield code="b">BNPHU</subfield>
    <subfield code="d">2025-07-24</subfield>
    <subfield code="h">A&#xF1;o 2. no. 55, (julio 1999).</subfield>
    <subfield code="l">0</subfield>
    <subfield code="p">2025-7144</subfield>
    <subfield code="r">2025-07-24</subfield>
    <subfield code="t">e.2</subfield>
    <subfield code="w">2025-07-24</subfield>
    <subfield code="y">ISSUE</subfield>
    <subfield code="z">Aldo Leschhorn: "Sin mis hijos concebir&#xED;a la vida una utop&#xED;a".</subfield>
  </datafield>
  <datafield tag="952" ind1=" " ind2=" ">
    <subfield code="0">0</subfield>
    <subfield code="1">0</subfield>
    <subfield code="2">ddc</subfield>
    <subfield code="4">0</subfield>
    <subfield code="5">6</subfield>
    <subfield code="7">0</subfield>
    <subfield code="8">SE</subfield>
    <subfield code="a">BNPHU</subfield>
    <subfield code="b">BNPHU</subfield>
    <subfield code="d">2025-07-24</subfield>
    <subfield code="h">A&#xF1;o 2. no. 56, (julio 1999).</subfield>
    <subfield code="l">0</subfield>
    <subfield code="p">2025-7145</subfield>
    <subfield code="r">2025-07-24</subfield>
    <subfield code="t">e.1</subfield>
    <subfield code="w">2025-07-24</subfield>
    <subfield code="y">ISSUE</subfield>
    <subfield code="z">Cartas de M&#xF3;nika Despradel.</subfield>
  </datafield>
  <datafield tag="952" ind1=" " ind2=" ">
    <subfield code="0">0</subfield>
    <subfield code="1">0</subfield>
    <subfield code="2">ddc</subfield>
    <subfield code="4">0</subfield>
    <subfield code="5">6</subfield>
    <subfield code="7">0</subfield>
    <subfield code="8">SE</subfield>
    <subfield code="a">BNPHU</subfield>
    <subfield code="b">BNPHU</subfield>
    <subfield code="d">2025-07-24</subfield>
    <subfield code="h">A&#xF1;o 2. no. 56, (julio 1999).</subfield>
    <subfield code="l">0</subfield>
    <subfield code="p">2025-7146</subfield>
    <subfield code="r">2025-07-24</subfield>
    <subfield code="t">e.2</subfield>
    <subfield code="w">2025-07-24</subfield>
    <subfield code="y">ISSUE</subfield>
    <subfield code="z">Cartas de M&#xF3;nika Despradel.</subfield>
  </datafield>
  <datafield tag="952" ind1=" " ind2=" ">
    <subfield code="0">0</subfield>
    <subfield code="1">0</subfield>
    <subfield code="2">ddc</subfield>
    <subfield code="4">0</subfield>
    <subfield code="5">6</subfield>
    <subfield code="7">0</subfield>
    <subfield code="8">SE</subfield>
    <subfield code="a">BNPHU</subfield>
    <subfield code="b">BNPHU</subfield>
    <subfield code="d">2025-07-24</subfield>
    <subfield code="h">A&#xF1;o 2. no. 57, (agosto 1999).</subfield>
    <subfield code="l">0</subfield>
    <subfield code="p">2025-7147</subfield>
    <subfield code="r">2025-07-24</subfield>
    <subfield code="t">e.1</subfield>
    <subfield code="w">2025-07-24</subfield>
    <subfield code="y">ISSUE</subfield>
    <subfield code="z">Carolina y D&#xE1;jer Rodr&#xED;guez.</subfield>
  </datafield>
  <datafield tag="952" ind1=" " ind2=" ">
    <subfield code="0">0</subfield>
    <subfield code="1">0</subfield>
    <subfield code="2">ddc</subfield>
    <subfield code="4">0</subfield>
    <subfield code="5">6</subfield>
    <subfield code="7">0</subfield>
    <subfield code="8">SE</subfield>
    <subfield code="a">BNPHU</subfield>
    <subfield code="b">BNPHU</subfield>
    <subfield code="d">2025-07-24</subfield>
    <subfield code="h">A&#xF1;o 2. no. 57, (agosto 1999).</subfield>
    <subfield code="l">0</subfield>
    <subfield code="p">2025-7148</subfield>
    <subfield code="r">2025-07-24</subfield>
    <subfield code="t">e.2</subfield>
    <subfield code="w">2025-07-24</subfield>
    <subfield code="y">ISSUE</subfield>
    <subfield code="z">Carolina y D&#xE1;jer Rodr&#xED;guez.</subfield>
  </datafield>
  <datafield tag="952" ind1=" " ind2=" ">
    <subfield code="0">0</subfield>
    <subfield code="1">0</subfield>
    <subfield code="2">ddc</subfield>
    <subfield code="4">0</subfield>
    <subfield code="5">6</subfield>
    <subfield code="7">0</subfield>
    <subfield code="8">SE</subfield>
    <subfield code="a">BNPHU</subfield>
    <subfield code="b">BNPHU</subfield>
    <subfield code="d">2025-07-24</subfield>
    <subfield code="h">A&#xF1;o 2. no. 57, (agosto 1999).</subfield>
    <subfield code="l">0</subfield>
    <subfield code="p">2025-7149</subfield>
    <subfield code="r">2025-07-24</subfield>
    <subfield code="t">e.3</subfield>
    <subfield code="w">2025-07-24</subfield>
    <subfield code="y">ISSUE</subfield>
    <subfield code="z">Carolina y D&#xE1;jer Rodr&#xED;guez.</subfield>
  </datafield>
  <datafield tag="952" ind1=" " ind2=" ">
    <subfield code="0">0</subfield>
    <subfield code="1">0</subfield>
    <subfield code="2">ddc</subfield>
    <subfield code="4">0</subfield>
    <subfield code="5">6</subfield>
    <subfield code="7">0</subfield>
    <subfield code="8">SE</subfield>
    <subfield code="a">BNPHU</subfield>
    <subfield code="b">BNPHU</subfield>
    <subfield code="d">2025-07-24</subfield>
    <subfield code="h">A&#xF1;o 2. no. 58, (agosto 1999).</subfield>
    <subfield code="l">0</subfield>
    <subfield code="p">2025-7150</subfield>
    <subfield code="r">2025-07-24</subfield>
    <subfield code="t">e.1</subfield>
    <subfield code="w">2025-07-24</subfield>
    <subfield code="y">ISSUE</subfield>
    <subfield code="z">Miguel Jos&#xE9; Moya: "Un hombre con los pies sobre la tierra".</subfield>
  </datafield>
  <datafield tag="952" ind1=" " ind2=" ">
    <subfield code="0">0</subfield>
    <subfield code="1">0</subfield>
    <subfield code="2">ddc</subfield>
    <subfield code="4">0</subfield>
    <subfield code="5">6</subfield>
    <subfield code="7">0</subfield>
    <subfield code="8">SE</subfield>
    <subfield code="a">BNPHU</subfield>
    <subfield code="b">BNPHU</subfield>
    <subfield code="d">2025-07-24</subfield>
    <subfield code="h">A&#xF1;o 2. no. 58, (agosto 1999).</subfield>
    <subfield code="l">0</subfield>
    <subfield code="p">2025-7151</subfield>
    <subfield code="r">2025-07-24</subfield>
    <subfield code="t">e.2</subfield>
    <subfield code="w">2025-07-24</subfield>
    <subfield code="y">ISSUE</subfield>
    <subfield code="z">Miguel Jos&#xE9; Moya: "Un hombre con los pies sobre la tierra".</subfield>
  </datafield>
  <datafield tag="952" ind1=" " ind2=" ">
    <subfield code="0">0</subfield>
    <subfield code="1">0</subfield>
    <subfield code="2">ddc</subfield>
    <subfield code="4">0</subfield>
    <subfield code="5">6</subfield>
    <subfield code="7">0</subfield>
    <subfield code="8">SE</subfield>
    <subfield code="a">BNPHU</subfield>
    <subfield code="b">BNPHU</subfield>
    <subfield code="d">2025-07-24</subfield>
    <subfield code="h">A&#xF1;o 2. no. 59, (septiembre 1999).</subfield>
    <subfield code="l">0</subfield>
    <subfield code="p">2025-7152</subfield>
    <subfield code="r">2025-07-24</subfield>
    <subfield code="t">e.1</subfield>
    <subfield code="w">2025-07-24</subfield>
    <subfield code="y">ISSUE</subfield>
    <subfield code="z">Los hermanos Varela: La uni&#xF3; fraternal hace la fuerza.</subfield>
  </datafield>
  <datafield tag="952" ind1=" " ind2=" ">
    <subfield code="0">0</subfield>
    <subfield code="1">0</subfield>
    <subfield code="2">ddc</subfield>
    <subfield code="4">0</subfield>
    <subfield code="5">6</subfield>
    <subfield code="7">0</subfield>
    <subfield code="8">SE</subfield>
    <subfield code="a">BNPHU</subfield>
    <subfield code="b">BNPHU</subfield>
    <subfield code="d">2025-07-24</subfield>
    <subfield code="h">A&#xF1;o 2. no. 59, (septiembre 1999).</subfield>
    <subfield code="l">0</subfield>
    <subfield code="p">2025-7153</subfield>
    <subfield code="r">2025-07-24</subfield>
    <subfield code="t">e.2</subfield>
    <subfield code="w">2025-07-24</subfield>
    <subfield code="y">ISSUE</subfield>
    <subfield code="z">Los hermanos Varela: La uni&#xF3; fraternal hace la fuerza.</subfield>
  </datafield>
  <datafield tag="952" ind1=" " ind2=" ">
    <subfield code="0">0</subfield>
    <subfield code="1">0</subfield>
    <subfield code="2">ddc</subfield>
    <subfield code="4">0</subfield>
    <subfield code="5">6</subfield>
    <subfield code="7">0</subfield>
    <subfield code="8">SE</subfield>
    <subfield code="a">BNPHU</subfield>
    <subfield code="b">BNPHU</subfield>
    <subfield code="d">2025-07-24</subfield>
    <subfield code="h">A&#xF1;o 2. no. 60, (septiembre 1999).</subfield>
    <subfield code="l">0</subfield>
    <subfield code="p">2025-7154</subfield>
    <subfield code="r">2025-07-24</subfield>
    <subfield code="t">e.1</subfield>
    <subfield code="w">2025-07-24</subfield>
    <subfield code="y">ISSUE</subfield>
    <subfield code="z">Khalil Hach&#xE9;: Un hombre leal hasta la muerte.</subfield>
  </datafield>
  <datafield tag="952" ind1=" " ind2=" ">
    <subfield code="0">0</subfield>
    <subfield code="1">0</subfield>
    <subfield code="2">ddc</subfield>
    <subfield code="4">0</subfield>
    <subfield code="5">6</subfield>
    <subfield code="7">0</subfield>
    <subfield code="8">SE</subfield>
    <subfield code="a">BNPHU</subfield>
    <subfield code="b">BNPHU</subfield>
    <subfield code="d">2025-07-24</subfield>
    <subfield code="h">A&#xF1;o 2. no. 60, (septiembre 1999).</subfield>
    <subfield code="l">0</subfield>
    <subfield code="p">2025-7155</subfield>
    <subfield code="r">2025-07-24</subfield>
    <subfield code="t">e.2</subfield>
    <subfield code="w">2025-07-24</subfield>
    <subfield code="y">ISSUE</subfield>
    <subfield code="z">Khalil Hach&#xE9;: Un hombre leal hasta la muerte.</subfield>
  </datafield>
  <datafield tag="952" ind1=" " ind2=" ">
    <subfield code="0">0</subfield>
    <subfield code="1">0</subfield>
    <subfield code="2">ddc</subfield>
    <subfield code="4">0</subfield>
    <subfield code="5">6</subfield>
    <subfield code="7">0</subfield>
    <subfield code="8">SE</subfield>
    <subfield code="a">BNPHU</subfield>
    <subfield code="b">BNPHU</subfield>
    <subfield code="d">2025-07-24</subfield>
    <subfield code="h">A&#xF1;o 2. no. 60, (septiembre 1999).</subfield>
    <subfield code="l">0</subfield>
    <subfield code="p">2025-7156</subfield>
    <subfield code="r">2025-07-24</subfield>
    <subfield code="t">e.3</subfield>
    <subfield code="w">2025-07-24</subfield>
    <subfield code="y">ISSUE</subfield>
    <subfield code="z">Khalil Hach&#xE9;: Un hombre leal hasta la muerte.</subfield>
  </datafield>
  <datafield tag="952" ind1=" " ind2=" ">
    <subfield code="0">0</subfield>
    <subfield code="1">0</subfield>
    <subfield code="2">ddc</subfield>
    <subfield code="4">0</subfield>
    <subfield code="5">6</subfield>
    <subfield code="7">0</subfield>
    <subfield code="8">SE</subfield>
    <subfield code="a">BNPHU</subfield>
    <subfield code="b">BNPHU</subfield>
    <subfield code="d">2025-07-24</subfield>
    <subfield code="h">A&#xF1;o 2. no. 61, (octubre 1999).</subfield>
    <subfield code="l">0</subfield>
    <subfield code="p">2025-7157</subfield>
    <subfield code="r">2025-07-24</subfield>
    <subfield code="t">e.1</subfield>
    <subfield code="w">2025-07-24</subfield>
    <subfield code="y">ISSUE</subfield>
    <subfield code="z">Francina Lama &amp; Karina Fern&#xE1;ndez: dos mujeres, s&#xED;mbolos de &#xE9;xitos.</subfield>
  </datafield>
  <datafield tag="952" ind1=" " ind2=" ">
    <subfield code="0">0</subfield>
    <subfield code="1">0</subfield>
    <subfield code="2">ddc</subfield>
    <subfield code="4">0</subfield>
    <subfield code="5">6</subfield>
    <subfield code="7">0</subfield>
    <subfield code="8">SE</subfield>
    <subfield code="a">BNPHU</subfield>
    <subfield code="b">BNPHU</subfield>
    <subfield code="d">2025-07-24</subfield>
    <subfield code="h">A&#xF1;o 2. no. 61, (octubre 1999).</subfield>
    <subfield code="l">0</subfield>
    <subfield code="p">2025-7158</subfield>
    <subfield code="r">2025-07-24</subfield>
    <subfield code="t">e.2</subfield>
    <subfield code="w">2025-07-24</subfield>
    <subfield code="y">ISSUE</subfield>
    <subfield code="z">Francina Lama &amp; Karina Fern&#xE1;ndez: dos mujeres, s&#xED;mbolos de &#xE9;xitos.</subfield>
  </datafield>
  <datafield tag="952" ind1=" " ind2=" ">
    <subfield code="0">0</subfield>
    <subfield code="1">0</subfield>
    <subfield code="2">ddc</subfield>
    <subfield code="4">0</subfield>
    <subfield code="5">6</subfield>
    <subfield code="7">0</subfield>
    <subfield code="8">SE</subfield>
    <subfield code="a">BNPHU</subfield>
    <subfield code="b">BNPHU</subfield>
    <subfield code="d">2025-07-24</subfield>
    <subfield code="h">A&#xF1;o 2. no. 62, (octubre 1999).</subfield>
    <subfield code="l">0</subfield>
    <subfield code="p">2025-7159</subfield>
    <subfield code="r">2025-07-24</subfield>
    <subfield code="t">e.1</subfield>
    <subfield code="w">2025-07-24</subfield>
    <subfield code="y">ISSUE</subfield>
    <subfield code="z">Yovanka Saladin.</subfield>
  </datafield>
  <datafield tag="952" ind1=" " ind2=" ">
    <subfield code="0">0</subfield>
    <subfield code="1">0</subfield>
    <subfield code="2">ddc</subfield>
    <subfield code="4">0</subfield>
    <subfield code="5">6</subfield>
    <subfield code="7">0</subfield>
    <subfield code="8">SE</subfield>
    <subfield code="a">BNPHU</subfield>
    <subfield code="b">BNPHU</subfield>
    <subfield code="d">2025-07-24</subfield>
    <subfield code="h">A&#xF1;o 2. no. 62, (octubre 1999).</subfield>
    <subfield code="l">0</subfield>
    <subfield code="p">2025-7160</subfield>
    <subfield code="r">2025-07-24</subfield>
    <subfield code="t">e.2</subfield>
    <subfield code="w">2025-07-24</subfield>
    <subfield code="y">ISSUE</subfield>
    <subfield code="z">Yovanka Saladin.</subfield>
  </datafield>
  <datafield tag="952" ind1=" " ind2=" ">
    <subfield code="0">0</subfield>
    <subfield code="1">0</subfield>
    <subfield code="2">ddc</subfield>
    <subfield code="4">0</subfield>
    <subfield code="5">6</subfield>
    <subfield code="7">0</subfield>
    <subfield code="8">SE</subfield>
    <subfield code="a">BNPHU</subfield>
    <subfield code="b">BNPHU</subfield>
    <subfield code="d">2025-07-24</subfield>
    <subfield code="h">A&#xF1;o 2. no. 63, (noviembre 1999).</subfield>
    <subfield code="l">0</subfield>
    <subfield code="p">2025-7161</subfield>
    <subfield code="r">2025-07-24</subfield>
    <subfield code="t">e.1</subfield>
    <subfield code="w">2025-07-24</subfield>
    <subfield code="y">ISSUE</subfield>
    <subfield code="z">Los Mera: El concepto unificador.</subfield>
  </datafield>
  <datafield tag="952" ind1=" " ind2=" ">
    <subfield code="0">0</subfield>
    <subfield code="1">0</subfield>
    <subfield code="2">ddc</subfield>
    <subfield code="4">0</subfield>
    <subfield code="5">6</subfield>
    <subfield code="7">0</subfield>
    <subfield code="8">SE</subfield>
    <subfield code="a">BNPHU</subfield>
    <subfield code="b">BNPHU</subfield>
    <subfield code="d">2025-07-24</subfield>
    <subfield code="h">A&#xF1;o 2. no. 63, (noviembre 1999).</subfield>
    <subfield code="l">0</subfield>
    <subfield code="p">2025-7162</subfield>
    <subfield code="r">2025-07-24</subfield>
    <subfield code="t">e.2</subfield>
    <subfield code="w">2025-07-24</subfield>
    <subfield code="y">ISSUE</subfield>
    <subfield code="z">Los Mera: El concepto unificador.</subfield>
  </datafield>
  <datafield tag="952" ind1=" " ind2=" ">
    <subfield code="0">0</subfield>
    <subfield code="1">0</subfield>
    <subfield code="2">ddc</subfield>
    <subfield code="4">0</subfield>
    <subfield code="5">6</subfield>
    <subfield code="7">0</subfield>
    <subfield code="8">SE</subfield>
    <subfield code="a">BNPHU</subfield>
    <subfield code="b">BNPHU</subfield>
    <subfield code="d">2025-07-24</subfield>
    <subfield code="h">A&#xF1;o 3. no. 64, (noviembre 1999).</subfield>
    <subfield code="l">0</subfield>
    <subfield code="p">2025-7163</subfield>
    <subfield code="r">2025-07-24</subfield>
    <subfield code="t">e.1</subfield>
    <subfield code="w">2025-07-24</subfield>
    <subfield code="y">ISSUE</subfield>
    <subfield code="z">La impresionante vivienda de Tony Rivera.</subfield>
  </datafield>
  <datafield tag="952" ind1=" " ind2=" ">
    <subfield code="0">0</subfield>
    <subfield code="1">0</subfield>
    <subfield code="2">ddc</subfield>
    <subfield code="4">0</subfield>
    <subfield code="5">6</subfield>
    <subfield code="7">0</subfield>
    <subfield code="8">SE</subfield>
    <subfield code="a">BNPHU</subfield>
    <subfield code="b">BNPHU</subfield>
    <subfield code="d">2025-07-24</subfield>
    <subfield code="h">A&#xF1;o 3. no. 64, (noviembre 1999).</subfield>
    <subfield code="l">0</subfield>
    <subfield code="p">2025-7164</subfield>
    <subfield code="r">2025-07-24</subfield>
    <subfield code="t">e.2</subfield>
    <subfield code="w">2025-07-24</subfield>
    <subfield code="y">ISSUE</subfield>
    <subfield code="z">La impresionante vivienda de Tony Rivera.</subfield>
  </datafield>
  <datafield tag="952" ind1=" " ind2=" ">
    <subfield code="0">0</subfield>
    <subfield code="1">0</subfield>
    <subfield code="2">ddc</subfield>
    <subfield code="4">0</subfield>
    <subfield code="5">6</subfield>
    <subfield code="7">0</subfield>
    <subfield code="8">SE</subfield>
    <subfield code="a">BNPHU</subfield>
    <subfield code="b">BNPHU</subfield>
    <subfield code="d">2025-07-24</subfield>
    <subfield code="h">A&#xF1;o 2. no. 65, (diciembre 1999).</subfield>
    <subfield code="l">0</subfield>
    <subfield code="p">2025-7165</subfield>
    <subfield code="r">2025-07-24</subfield>
    <subfield code="t">e.1</subfield>
    <subfield code="w">2025-07-24</subfield>
    <subfield code="y">ISSUE</subfield>
    <subfield code="z">Sonia de Sosa: "Me he acostumbrado a ser foco de atenci&#xF3;n".</subfield>
  </datafield>
  <datafield tag="952" ind1=" " ind2=" ">
    <subfield code="0">0</subfield>
    <subfield code="1">0</subfield>
    <subfield code="2">ddc</subfield>
    <subfield code="4">0</subfield>
    <subfield code="5">6</subfield>
    <subfield code="7">0</subfield>
    <subfield code="8">SE</subfield>
    <subfield code="a">BNPHU</subfield>
    <subfield code="b">BNPHU</subfield>
    <subfield code="d">2025-07-24</subfield>
    <subfield code="h">A&#xF1;o 2. no. 65, (diciembre 1999).</subfield>
    <subfield code="l">0</subfield>
    <subfield code="p">2025-7166</subfield>
    <subfield code="r">2025-07-24</subfield>
    <subfield code="t">e.2</subfield>
    <subfield code="w">2025-07-24</subfield>
    <subfield code="y">ISSUE</subfield>
    <subfield code="z">Sonia de Sosa: "Me he acostumbrado a ser foco de atenci&#xF3;n".</subfield>
  </datafield>
  <datafield tag="952" ind1=" " ind2=" ">
    <subfield code="0">0</subfield>
    <subfield code="1">0</subfield>
    <subfield code="2">ddc</subfield>
    <subfield code="4">0</subfield>
    <subfield code="5">6</subfield>
    <subfield code="7">0</subfield>
    <subfield code="8">SE</subfield>
    <subfield code="a">BNPHU</subfield>
    <subfield code="b">BNPHU</subfield>
    <subfield code="d">2025-07-24</subfield>
    <subfield code="h">A&#xF1;o 2. no. 66, (diciembre 1999).</subfield>
    <subfield code="l">0</subfield>
    <subfield code="p">2025-7167</subfield>
    <subfield code="r">2025-07-24</subfield>
    <subfield code="t">e.1</subfield>
    <subfield code="w">2025-07-24</subfield>
    <subfield code="y">ISSUE</subfield>
    <subfield code="z">Edici&#xF3;n Especial de Navidad.</subfield>
  </datafield>
  <datafield tag="952" ind1=" " ind2=" ">
    <subfield code="0">0</subfield>
    <subfield code="1">0</subfield>
    <subfield code="2">ddc</subfield>
    <subfield code="4">0</subfield>
    <subfield code="5">6</subfield>
    <subfield code="7">0</subfield>
    <subfield code="8">SE</subfield>
    <subfield code="a">BNPHU</subfield>
    <subfield code="b">BNPHU</subfield>
    <subfield code="d">2025-07-24</subfield>
    <subfield code="h">A&#xF1;o 2. no. 66, (diciembre 1999).</subfield>
    <subfield code="l">0</subfield>
    <subfield code="p">2025-7168</subfield>
    <subfield code="r">2025-07-24</subfield>
    <subfield code="t">e.2</subfield>
    <subfield code="w">2025-07-24</subfield>
    <subfield code="y">ISSUE</subfield>
    <subfield code="z">Edici&#xF3;n Especial de Navidad.</subfield>
  </datafield>
  <datafield tag="952" ind1=" " ind2=" ">
    <subfield code="0">0</subfield>
    <subfield code="1">0</subfield>
    <subfield code="2">ddc</subfield>
    <subfield code="4">0</subfield>
    <subfield code="5">6</subfield>
    <subfield code="7">0</subfield>
    <subfield code="8">SE</subfield>
    <subfield code="a">BNPHU</subfield>
    <subfield code="b">BNPHU</subfield>
    <subfield code="d">2025-07-24</subfield>
    <subfield code="h">A&#xF1;o 2. no. 66, (diciembre 1999).</subfield>
    <subfield code="l">0</subfield>
    <subfield code="p">2025-7169</subfield>
    <subfield code="r">2025-07-24</subfield>
    <subfield code="t">e.3</subfield>
    <subfield code="w">2025-07-24</subfield>
    <subfield code="y">ISSUE</subfield>
    <subfield code="z">Edici&#xF3;n Especial de Navidad.</subfield>
  </datafield>
  <datafield tag="952" ind1=" " ind2=" ">
    <subfield code="0">0</subfield>
    <subfield code="1">0</subfield>
    <subfield code="2">ddc</subfield>
    <subfield code="4">0</subfield>
    <subfield code="5">6</subfield>
    <subfield code="7">0</subfield>
    <subfield code="8">SE</subfield>
    <subfield code="a">BNPHU</subfield>
    <subfield code="b">BNPHU</subfield>
    <subfield code="d">2025-07-24</subfield>
    <subfield code="h">A&#xF1;o 2. no. 67, (diciembre 1999).</subfield>
    <subfield code="l">0</subfield>
    <subfield code="p">2025-7170</subfield>
    <subfield code="r">2025-07-24</subfield>
    <subfield code="t">e.1</subfield>
    <subfield code="w">2025-07-24</subfield>
    <subfield code="y">ISSUE</subfield>
    <subfield code="z">100 Mujeres del Siglo.</subfield>
  </datafield>
  <datafield tag="952" ind1=" " ind2=" ">
    <subfield code="0">0</subfield>
    <subfield code="1">0</subfield>
    <subfield code="2">ddc</subfield>
    <subfield code="4">0</subfield>
    <subfield code="5">6</subfield>
    <subfield code="7">0</subfield>
    <subfield code="8">SE</subfield>
    <subfield code="a">BNPHU</subfield>
    <subfield code="b">BNPHU</subfield>
    <subfield code="d">2025-07-24</subfield>
    <subfield code="h">A&#xF1;o 2. no. 68, (enero 2000).</subfield>
    <subfield code="l">0</subfield>
    <subfield code="p">2025-7171</subfield>
    <subfield code="r">2025-07-24</subfield>
    <subfield code="t">e.1</subfield>
    <subfield code="w">2025-07-24</subfield>
    <subfield code="y">ISSUE</subfield>
    <subfield code="z">Alejandro Jos&#xE9; Moya; "Conoceremos sobre la psicoson&#xED;a".</subfield>
  </datafield>
  <datafield tag="952" ind1=" " ind2=" ">
    <subfield code="0">0</subfield>
    <subfield code="1">0</subfield>
    <subfield code="2">ddc</subfield>
    <subfield code="4">0</subfield>
    <subfield code="5">6</subfield>
    <subfield code="7">0</subfield>
    <subfield code="8">SE</subfield>
    <subfield code="a">BNPHU</subfield>
    <subfield code="b">BNPHU</subfield>
    <subfield code="d">2025-07-24</subfield>
    <subfield code="h">A&#xF1;o 2. no. 69, (enero 2000).</subfield>
    <subfield code="l">0</subfield>
    <subfield code="p">2025-7172</subfield>
    <subfield code="r">2025-07-24</subfield>
    <subfield code="t">e.1</subfield>
    <subfield code="w">2025-07-24</subfield>
    <subfield code="y">ISSUE</subfield>
    <subfield code="z">Daisy de Rondon.</subfield>
  </datafield>
  <datafield tag="952" ind1=" " ind2=" ">
    <subfield code="0">0</subfield>
    <subfield code="1">0</subfield>
    <subfield code="2">ddc</subfield>
    <subfield code="4">0</subfield>
    <subfield code="5">6</subfield>
    <subfield code="7">0</subfield>
    <subfield code="8">SE</subfield>
    <subfield code="a">BNPHU</subfield>
    <subfield code="b">BNPHU</subfield>
    <subfield code="d">2025-07-24</subfield>
    <subfield code="h">A&#xF1;o 2. no. 70, (febrero 2000).</subfield>
    <subfield code="l">0</subfield>
    <subfield code="p">2025-7173</subfield>
    <subfield code="r">2025-07-24</subfield>
    <subfield code="t">e.1</subfield>
    <subfield code="w">2025-07-24</subfield>
    <subfield code="y">ISSUE</subfield>
    <subfield code="z">Gina Lovat&#xF3;n &amp; Felipe Pag&#xE9;s.</subfield>
  </datafield>
  <datafield tag="952" ind1=" " ind2=" ">
    <subfield code="0">0</subfield>
    <subfield code="1">0</subfield>
    <subfield code="2">ddc</subfield>
    <subfield code="4">0</subfield>
    <subfield code="5">6</subfield>
    <subfield code="7">0</subfield>
    <subfield code="8">SE</subfield>
    <subfield code="a">BNPHU</subfield>
    <subfield code="b">BNPHU</subfield>
    <subfield code="d">2025-07-24</subfield>
    <subfield code="h">A&#xF1;o 2. no. 71, (febrero 2000).</subfield>
    <subfield code="l">0</subfield>
    <subfield code="p">2025-7174</subfield>
    <subfield code="r">2025-07-24</subfield>
    <subfield code="t">e.1</subfield>
    <subfield code="w">2025-07-24</subfield>
    <subfield code="y">ISSUE</subfield>
    <subfield code="z">Las Marichal: Sin&#xF3;nimo de solidaridad y uni&#xF3;n.</subfield>
  </datafield>
  <datafield tag="952" ind1=" " ind2=" ">
    <subfield code="0">0</subfield>
    <subfield code="1">0</subfield>
    <subfield code="2">ddc</subfield>
    <subfield code="4">0</subfield>
    <subfield code="5">6</subfield>
    <subfield code="7">0</subfield>
    <subfield code="8">SE</subfield>
    <subfield code="a">BNPHU</subfield>
    <subfield code="b">BNPHU</subfield>
    <subfield code="d">2025-07-24</subfield>
    <subfield code="h">A&#xF1;o 2. no. 71, (febrero 2000).</subfield>
    <subfield code="l">0</subfield>
    <subfield code="p">2025-7175</subfield>
    <subfield code="r">2025-07-24</subfield>
    <subfield code="t">e.2</subfield>
    <subfield code="w">2025-07-24</subfield>
    <subfield code="y">ISSUE</subfield>
    <subfield code="z">Las Marichal: Sin&#xF3;nimo de solidaridad y uni&#xF3;n.</subfield>
  </datafield>
  <datafield tag="952" ind1=" " ind2=" ">
    <subfield code="0">0</subfield>
    <subfield code="1">0</subfield>
    <subfield code="2">ddc</subfield>
    <subfield code="4">0</subfield>
    <subfield code="5">6</subfield>
    <subfield code="7">0</subfield>
    <subfield code="8">SE</subfield>
    <subfield code="a">BNPHU</subfield>
    <subfield code="b">BNPHU</subfield>
    <subfield code="d">2025-07-24</subfield>
    <subfield code="h">A&#xF1;o 2. no. 72, (marzo 2000).</subfield>
    <subfield code="l">0</subfield>
    <subfield code="p">2025-7176</subfield>
    <subfield code="r">2025-07-24</subfield>
    <subfield code="t">e.1</subfield>
    <subfield code="w">2025-07-24</subfield>
    <subfield code="y">ISSUE</subfield>
    <subfield code="z">Maritza Carvajal y Vivian Lubrano: El &#xE9;xito con nombre de mujer.</subfield>
  </datafield>
  <datafield tag="952" ind1=" " ind2=" ">
    <subfield code="0">0</subfield>
    <subfield code="1">0</subfield>
    <subfield code="2">ddc</subfield>
    <subfield code="4">0</subfield>
    <subfield code="5">6</subfield>
    <subfield code="7">0</subfield>
    <subfield code="8">SE</subfield>
    <subfield code="a">BNPHU</subfield>
    <subfield code="b">BNPHU</subfield>
    <subfield code="d">2025-07-24</subfield>
    <subfield code="h">A&#xF1;o 2. no. 72, (marzo 2000).</subfield>
    <subfield code="l">0</subfield>
    <subfield code="p">2025-7177</subfield>
    <subfield code="r">2025-07-24</subfield>
    <subfield code="t">e.2</subfield>
    <subfield code="w">2025-07-24</subfield>
    <subfield code="y">ISSUE</subfield>
    <subfield code="z">Maritza Carvajal y Vivian Lubrano: El &#xE9;xito con nombre de mujer.</subfield>
  </datafield>
  <datafield tag="952" ind1=" " ind2=" ">
    <subfield code="0">0</subfield>
    <subfield code="1">0</subfield>
    <subfield code="2">ddc</subfield>
    <subfield code="4">0</subfield>
    <subfield code="5">6</subfield>
    <subfield code="7">0</subfield>
    <subfield code="8">SE</subfield>
    <subfield code="a">BNPHU</subfield>
    <subfield code="b">BNPHU</subfield>
    <subfield code="d">2025-07-24</subfield>
    <subfield code="h">A&#xF1;o 2. no. 73, (marzo 2000).</subfield>
    <subfield code="l">0</subfield>
    <subfield code="p">2025-7178</subfield>
    <subfield code="r">2025-07-24</subfield>
    <subfield code="t">e.1</subfield>
    <subfield code="w">2025-07-24</subfield>
    <subfield code="y">ISSUE</subfield>
    <subfield code="z">Fot&#xF3;grafos: Testigos de nuestras emociones. </subfield>
  </datafield>
  <datafield tag="952" ind1=" " ind2=" ">
    <subfield code="0">0</subfield>
    <subfield code="1">0</subfield>
    <subfield code="2">ddc</subfield>
    <subfield code="4">0</subfield>
    <subfield code="5">6</subfield>
    <subfield code="7">0</subfield>
    <subfield code="8">SE</subfield>
    <subfield code="a">BNPHU</subfield>
    <subfield code="b">BNPHU</subfield>
    <subfield code="d">2025-07-24</subfield>
    <subfield code="h">A&#xF1;o 2. no. 74, (abril 2000).</subfield>
    <subfield code="l">0</subfield>
    <subfield code="p">2025-7179</subfield>
    <subfield code="r">2025-07-24</subfield>
    <subfield code="t">e.1</subfield>
    <subfield code="w">2025-07-24</subfield>
    <subfield code="y">ISSUE</subfield>
    <subfield code="z">Rosanna Garc&#xED;a.</subfield>
  </datafield>
  <datafield tag="952" ind1=" " ind2=" ">
    <subfield code="0">0</subfield>
    <subfield code="1">0</subfield>
    <subfield code="2">ddc</subfield>
    <subfield code="4">0</subfield>
    <subfield code="5">6</subfield>
    <subfield code="7">0</subfield>
    <subfield code="8">SE</subfield>
    <subfield code="a">BNPHU</subfield>
    <subfield code="b">BNPHU</subfield>
    <subfield code="d">2025-07-24</subfield>
    <subfield code="h">A&#xF1;o 2. no. 75, (abril 2000).</subfield>
    <subfield code="l">0</subfield>
    <subfield code="p">2025-7180</subfield>
    <subfield code="r">2025-07-24</subfield>
    <subfield code="t">e.1</subfield>
    <subfield code="w">2025-07-24</subfield>
    <subfield code="y">ISSUE</subfield>
    <subfield code="z">Los hoteleros: Aut&#xE9;nticos vendedores de ilusiones.</subfield>
  </datafield>
  <datafield tag="952" ind1=" " ind2=" ">
    <subfield code="0">0</subfield>
    <subfield code="1">0</subfield>
    <subfield code="2">ddc</subfield>
    <subfield code="4">0</subfield>
    <subfield code="5">6</subfield>
    <subfield code="7">0</subfield>
    <subfield code="8">SE</subfield>
    <subfield code="a">BNPHU</subfield>
    <subfield code="b">BNPHU</subfield>
    <subfield code="d">2025-07-24</subfield>
    <subfield code="h">A&#xF1;o 2. no. 76, (mayo 2000).</subfield>
    <subfield code="l">0</subfield>
    <subfield code="p">2025-7181</subfield>
    <subfield code="r">2025-07-24</subfield>
    <subfield code="t">e.1</subfield>
    <subfield code="w">2025-07-24</subfield>
    <subfield code="y">ISSUE</subfield>
    <subfield code="z">Alexis Pi&#xF3;n: Mi norte ha sido el trabajo y las buenas haza&#xF1;as.</subfield>
  </datafield>
  <datafield tag="952" ind1=" " ind2=" ">
    <subfield code="0">0</subfield>
    <subfield code="1">0</subfield>
    <subfield code="2">ddc</subfield>
    <subfield code="4">0</subfield>
    <subfield code="5">6</subfield>
    <subfield code="7">0</subfield>
    <subfield code="8">SE</subfield>
    <subfield code="a">BNPHU</subfield>
    <subfield code="b">BNPHU</subfield>
    <subfield code="d">2025-07-24</subfield>
    <subfield code="h">A&#xF1;o 3. no. 78, (junio 2000).</subfield>
    <subfield code="l">0</subfield>
    <subfield code="p">2025-7182</subfield>
    <subfield code="r">2025-07-24</subfield>
    <subfield code="t">e.1</subfield>
    <subfield code="w">2025-07-24</subfield>
    <subfield code="y">ISSUE</subfield>
    <subfield code="z">Alejandro Espaillat: "Orgullo dominicano y de la oftalmolog&#xED;a internacional".</subfield>
  </datafield>
  <datafield tag="952" ind1=" " ind2=" ">
    <subfield code="0">0</subfield>
    <subfield code="1">0</subfield>
    <subfield code="2">ddc</subfield>
    <subfield code="4">0</subfield>
    <subfield code="5">6</subfield>
    <subfield code="7">0</subfield>
    <subfield code="8">SE</subfield>
    <subfield code="a">BNPHU</subfield>
    <subfield code="b">BNPHU</subfield>
    <subfield code="d">2025-07-24</subfield>
    <subfield code="h">A&#xF1;o 3. no. 79, (junio 2000).</subfield>
    <subfield code="l">0</subfield>
    <subfield code="p">2025-7183</subfield>
    <subfield code="r">2025-07-24</subfield>
    <subfield code="t">e.1</subfield>
    <subfield code="w">2025-07-24</subfield>
    <subfield code="y">ISSUE</subfield>
    <subfield code="z">Brigitte, llonka, Ingrid y Roxana.</subfield>
  </datafield>
  <datafield tag="952" ind1=" " ind2=" ">
    <subfield code="0">0</subfield>
    <subfield code="1">0</subfield>
    <subfield code="2">ddc</subfield>
    <subfield code="4">0</subfield>
    <subfield code="5">6</subfield>
    <subfield code="7">0</subfield>
    <subfield code="8">SE</subfield>
    <subfield code="a">BNPHU</subfield>
    <subfield code="b">BNPHU</subfield>
    <subfield code="d">2025-07-24</subfield>
    <subfield code="h">A&#xF1;o 3. no. 81, (junio 2000).</subfield>
    <subfield code="l">0</subfield>
    <subfield code="p">2025-7184</subfield>
    <subfield code="r">2025-07-24</subfield>
    <subfield code="t">e.1</subfield>
    <subfield code="w">2025-07-24</subfield>
    <subfield code="y">ISSUE</subfield>
    <subfield code="z">Ram&#xF3;n Antonio S&#xE1;nchez.</subfield>
  </datafield>
  <datafield tag="952" ind1=" " ind2=" ">
    <subfield code="0">0</subfield>
    <subfield code="1">0</subfield>
    <subfield code="2">ddc</subfield>
    <subfield code="4">0</subfield>
    <subfield code="5">6</subfield>
    <subfield code="7">0</subfield>
    <subfield code="8">SE</subfield>
    <subfield code="a">BNPHU</subfield>
    <subfield code="b">BNPHU</subfield>
    <subfield code="d">2025-07-24</subfield>
    <subfield code="h">A&#xF1;o 3. no. 81, (junio 2000).</subfield>
    <subfield code="l">0</subfield>
    <subfield code="p">2025-7185</subfield>
    <subfield code="r">2025-07-24</subfield>
    <subfield code="t">e.2</subfield>
    <subfield code="w">2025-07-24</subfield>
    <subfield code="y">ISSUE</subfield>
    <subfield code="z">Ram&#xF3;n Antonio S&#xE1;nchez.</subfield>
  </datafield>
  <datafield tag="952" ind1=" " ind2=" ">
    <subfield code="0">0</subfield>
    <subfield code="1">0</subfield>
    <subfield code="2">ddc</subfield>
    <subfield code="4">0</subfield>
    <subfield code="5">6</subfield>
    <subfield code="7">0</subfield>
    <subfield code="8">SE</subfield>
    <subfield code="a">BNPHU</subfield>
    <subfield code="b">BNPHU</subfield>
    <subfield code="d">2025-07-24</subfield>
    <subfield code="h">A&#xF1;o 3. no. 82, (julio 2000).</subfield>
    <subfield code="l">0</subfield>
    <subfield code="p">2025-7186</subfield>
    <subfield code="r">2025-07-24</subfield>
    <subfield code="t">e.1</subfield>
    <subfield code="w">2025-07-24</subfield>
    <subfield code="y">ISSUE</subfield>
    <subfield code="z">Dennis Sim&#xF3; Torres.</subfield>
  </datafield>
  <datafield tag="952" ind1=" " ind2=" ">
    <subfield code="0">0</subfield>
    <subfield code="1">0</subfield>
    <subfield code="2">ddc</subfield>
    <subfield code="4">0</subfield>
    <subfield code="5">6</subfield>
    <subfield code="7">0</subfield>
    <subfield code="8">SE</subfield>
    <subfield code="a">BNPHU</subfield>
    <subfield code="b">BNPHU</subfield>
    <subfield code="d">2025-07-24</subfield>
    <subfield code="h">A&#xF1;o 3. no. 82, (julio 2000).</subfield>
    <subfield code="l">0</subfield>
    <subfield code="p">2025-7187</subfield>
    <subfield code="r">2025-07-24</subfield>
    <subfield code="t">e.2</subfield>
    <subfield code="w">2025-07-24</subfield>
    <subfield code="y">ISSUE</subfield>
    <subfield code="z">Dennis Sim&#xF3; Torres.</subfield>
  </datafield>
  <datafield tag="952" ind1=" " ind2=" ">
    <subfield code="0">0</subfield>
    <subfield code="1">0</subfield>
    <subfield code="2">ddc</subfield>
    <subfield code="4">0</subfield>
    <subfield code="5">6</subfield>
    <subfield code="7">0</subfield>
    <subfield code="8">SE</subfield>
    <subfield code="a">BNPHU</subfield>
    <subfield code="b">BNPHU</subfield>
    <subfield code="d">2025-07-24</subfield>
    <subfield code="h">A&#xF1;o 3. no. 83, (agosto 2000).</subfield>
    <subfield code="l">0</subfield>
    <subfield code="p">2025-7189</subfield>
    <subfield code="r">2025-07-24</subfield>
    <subfield code="t">e.1</subfield>
    <subfield code="w">2025-07-24</subfield>
    <subfield code="y">ISSUE</subfield>
    <subfield code="z">Sonia Villanueva de Brouwer.</subfield>
  </datafield>
  <datafield tag="952" ind1=" " ind2=" ">
    <subfield code="0">0</subfield>
    <subfield code="1">0</subfield>
    <subfield code="2">ddc</subfield>
    <subfield code="4">0</subfield>
    <subfield code="5">6</subfield>
    <subfield code="7">0</subfield>
    <subfield code="8">SE</subfield>
    <subfield code="a">BNPHU</subfield>
    <subfield code="b">BNPHU</subfield>
    <subfield code="d">2025-07-24</subfield>
    <subfield code="h">A&#xF1;o 3. no. 84, (agosto 2000).</subfield>
    <subfield code="l">0</subfield>
    <subfield code="p">2025-7190</subfield>
    <subfield code="r">2025-07-24</subfield>
    <subfield code="t">e.1</subfield>
    <subfield code="w">2025-07-24</subfield>
    <subfield code="y">ISSUE</subfield>
    <subfield code="z">Pedro Ure&#xF1;a Vel&#xE1;squez.</subfield>
  </datafield>
  <datafield tag="952" ind1=" " ind2=" ">
    <subfield code="0">0</subfield>
    <subfield code="1">0</subfield>
    <subfield code="2">ddc</subfield>
    <subfield code="4">0</subfield>
    <subfield code="5">6</subfield>
    <subfield code="7">0</subfield>
    <subfield code="8">SE</subfield>
    <subfield code="a">BNPHU</subfield>
    <subfield code="b">BNPHU</subfield>
    <subfield code="d">2025-07-24</subfield>
    <subfield code="h">A&#xF1;o 3. no. 84, (agosto 2000).</subfield>
    <subfield code="l">0</subfield>
    <subfield code="p">2025-7191</subfield>
    <subfield code="r">2025-07-24</subfield>
    <subfield code="t">e.2</subfield>
    <subfield code="w">2025-07-24</subfield>
    <subfield code="y">ISSUE</subfield>
    <subfield code="z">Pedro Ure&#xF1;a Vel&#xE1;squez.</subfield>
  </datafield>
  <datafield tag="952" ind1=" " ind2=" ">
    <subfield code="0">0</subfield>
    <subfield code="1">0</subfield>
    <subfield code="2">ddc</subfield>
    <subfield code="4">0</subfield>
    <subfield code="5">6</subfield>
    <subfield code="7">0</subfield>
    <subfield code="8">SE</subfield>
    <subfield code="a">BNPHU</subfield>
    <subfield code="b">BNPHU</subfield>
    <subfield code="d">2025-07-24</subfield>
    <subfield code="h">A&#xF1;o 3. no. 85, (septiembre 2000).</subfield>
    <subfield code="l">0</subfield>
    <subfield code="p">2025-7192</subfield>
    <subfield code="r">2025-07-24</subfield>
    <subfield code="t">e.1</subfield>
    <subfield code="w">2025-07-24</subfield>
    <subfield code="y">ISSUE</subfield>
    <subfield code="z">Jacqueline Morel.</subfield>
  </datafield>
  <datafield tag="952" ind1=" " ind2=" ">
    <subfield code="0">0</subfield>
    <subfield code="1">0</subfield>
    <subfield code="2">ddc</subfield>
    <subfield code="4">0</subfield>
    <subfield code="5">6</subfield>
    <subfield code="7">0</subfield>
    <subfield code="8">SE</subfield>
    <subfield code="a">BNPHU</subfield>
    <subfield code="b">BNPHU</subfield>
    <subfield code="d">2025-07-24</subfield>
    <subfield code="h">A&#xF1;o 3. no. 85, (septiembre 2000).</subfield>
    <subfield code="l">0</subfield>
    <subfield code="p">2025-7193</subfield>
    <subfield code="r">2025-07-24</subfield>
    <subfield code="t">e.2</subfield>
    <subfield code="w">2025-07-24</subfield>
    <subfield code="y">ISSUE</subfield>
    <subfield code="z">Jacqueline Morel.</subfield>
  </datafield>
  <datafield tag="952" ind1=" " ind2=" ">
    <subfield code="0">0</subfield>
    <subfield code="1">0</subfield>
    <subfield code="2">ddc</subfield>
    <subfield code="4">0</subfield>
    <subfield code="5">6</subfield>
    <subfield code="7">0</subfield>
    <subfield code="8">SE</subfield>
    <subfield code="a">BNPHU</subfield>
    <subfield code="b">BNPHU</subfield>
    <subfield code="d">2025-07-24</subfield>
    <subfield code="h">A&#xF1;o 3. no. 87, (octubre 2000).</subfield>
    <subfield code="l">0</subfield>
    <subfield code="p">2025-7194</subfield>
    <subfield code="r">2025-07-24</subfield>
    <subfield code="t">e.1</subfield>
    <subfield code="w">2025-07-24</subfield>
    <subfield code="y">ISSUE</subfield>
    <subfield code="z">Un encuentro de generaciones.</subfield>
  </datafield>
  <datafield tag="952" ind1=" " ind2=" ">
    <subfield code="0">0</subfield>
    <subfield code="1">0</subfield>
    <subfield code="2">ddc</subfield>
    <subfield code="4">0</subfield>
    <subfield code="5">6</subfield>
    <subfield code="7">0</subfield>
    <subfield code="8">SE</subfield>
    <subfield code="a">BNPHU</subfield>
    <subfield code="b">BNPHU</subfield>
    <subfield code="d">2025-07-24</subfield>
    <subfield code="h">A&#xF1;o 3. no. 88, (octubre 2000).</subfield>
    <subfield code="l">0</subfield>
    <subfield code="p">2025-7195</subfield>
    <subfield code="r">2025-07-24</subfield>
    <subfield code="t">e.1</subfield>
    <subfield code="w">2025-07-24</subfield>
    <subfield code="y">ISSUE</subfield>
    <subfield code="z">Alberto Piantini.</subfield>
  </datafield>
  <datafield tag="952" ind1=" " ind2=" ">
    <subfield code="0">0</subfield>
    <subfield code="1">0</subfield>
    <subfield code="2">ddc</subfield>
    <subfield code="4">0</subfield>
    <subfield code="5">6</subfield>
    <subfield code="7">0</subfield>
    <subfield code="8">SE</subfield>
    <subfield code="a">BNPHU</subfield>
    <subfield code="b">BNPHU</subfield>
    <subfield code="d">2025-07-24</subfield>
    <subfield code="h">A&#xF1;o 3. no. 89, (noviembre 2000).</subfield>
    <subfield code="l">0</subfield>
    <subfield code="p">2025-7196</subfield>
    <subfield code="r">2025-07-24</subfield>
    <subfield code="t">e.1</subfield>
    <subfield code="w">2025-07-24</subfield>
    <subfield code="y">ISSUE</subfield>
    <subfield code="z">Joaqu&#xED;n Cort&#xE9;s.</subfield>
  </datafield>
  <datafield tag="952" ind1=" " ind2=" ">
    <subfield code="0">0</subfield>
    <subfield code="1">0</subfield>
    <subfield code="2">ddc</subfield>
    <subfield code="4">0</subfield>
    <subfield code="5">6</subfield>
    <subfield code="7">0</subfield>
    <subfield code="8">SE</subfield>
    <subfield code="a">BNPHU</subfield>
    <subfield code="b">BNPHU</subfield>
    <subfield code="d">2025-07-24</subfield>
    <subfield code="h">A&#xF1;o 3. no. 90, (noviembre 2000).</subfield>
    <subfield code="l">0</subfield>
    <subfield code="p">2025-7197</subfield>
    <subfield code="r">2025-07-24</subfield>
    <subfield code="t">e.1</subfield>
    <subfield code="w">2025-07-24</subfield>
    <subfield code="y">ISSUE</subfield>
    <subfield code="z">Esther y Alvaro Quesada: "El negocio del tabaco es un arte".</subfield>
  </datafield>
  <datafield tag="952" ind1=" " ind2=" ">
    <subfield code="0">0</subfield>
    <subfield code="1">0</subfield>
    <subfield code="2">ddc</subfield>
    <subfield code="4">0</subfield>
    <subfield code="5">6</subfield>
    <subfield code="7">0</subfield>
    <subfield code="8">SE</subfield>
    <subfield code="a">BNPHU</subfield>
    <subfield code="b">BNPHU</subfield>
    <subfield code="d">2025-07-24</subfield>
    <subfield code="h">A&#xF1;o 3. no. 90, (noviembre 2000).</subfield>
    <subfield code="l">0</subfield>
    <subfield code="p">2025-7198</subfield>
    <subfield code="r">2025-07-24</subfield>
    <subfield code="t">e.2</subfield>
    <subfield code="w">2025-07-24</subfield>
    <subfield code="y">ISSUE</subfield>
    <subfield code="z">Esther y Alvaro Quesada: "El negocio del tabaco es un arte".</subfield>
  </datafield>
  <datafield tag="952" ind1=" " ind2=" ">
    <subfield code="0">0</subfield>
    <subfield code="1">0</subfield>
    <subfield code="2">ddc</subfield>
    <subfield code="4">0</subfield>
    <subfield code="5">6</subfield>
    <subfield code="7">0</subfield>
    <subfield code="8">SE</subfield>
    <subfield code="a">BNPHU</subfield>
    <subfield code="b">BNPHU</subfield>
    <subfield code="d">2025-07-24</subfield>
    <subfield code="h">A&#xF1;o 3. no. 92, (diciembre 2000).</subfield>
    <subfield code="l">0</subfield>
    <subfield code="p">2025-7200</subfield>
    <subfield code="r">2025-07-24</subfield>
    <subfield code="t">e.1</subfield>
    <subfield code="w">2025-07-24</subfield>
    <subfield code="y">ISSUE</subfield>
    <subfield code="z">Rosa G&#xF3;mez de Mej&#xED;a: Autentica y sencilla, en la plenitud de s vida.</subfield>
  </datafield>
  <datafield tag="952" ind1=" " ind2=" ">
    <subfield code="0">0</subfield>
    <subfield code="1">0</subfield>
    <subfield code="2">ddc</subfield>
    <subfield code="4">0</subfield>
    <subfield code="5">6</subfield>
    <subfield code="7">0</subfield>
    <subfield code="8">SE</subfield>
    <subfield code="a">BNPHU</subfield>
    <subfield code="b">BNPHU</subfield>
    <subfield code="d">2025-07-24</subfield>
    <subfield code="h">A&#xF1;o 3. no. 93, (diciembre 2000).</subfield>
    <subfield code="l">0</subfield>
    <subfield code="p">2025-7201</subfield>
    <subfield code="r">2025-07-24</subfield>
    <subfield code="t">e.1</subfield>
    <subfield code="w">2025-07-24</subfield>
    <subfield code="y">ISSUE</subfield>
    <subfield code="z">Charityn: "Mi vida ante el p&#xFA;blico ha sido abierta y transparente".</subfield>
  </datafield>
  <datafield tag="952" ind1=" " ind2=" ">
    <subfield code="0">0</subfield>
    <subfield code="1">0</subfield>
    <subfield code="2">ddc</subfield>
    <subfield code="4">0</subfield>
    <subfield code="5">6</subfield>
    <subfield code="7">0</subfield>
    <subfield code="8">SE</subfield>
    <subfield code="a">BNPHU</subfield>
    <subfield code="b">BNPHU</subfield>
    <subfield code="d">2025-07-24</subfield>
    <subfield code="h">A&#xF1;o 3. no. 94, (enero 2001).</subfield>
    <subfield code="l">0</subfield>
    <subfield code="p">2025-7203</subfield>
    <subfield code="r">2025-07-24</subfield>
    <subfield code="t">e.1</subfield>
    <subfield code="w">2025-07-24</subfield>
    <subfield code="y">ISSUE</subfield>
    <subfield code="z">Cecilia Garc&#xED;a.</subfield>
  </datafield>
  <datafield tag="952" ind1=" " ind2=" ">
    <subfield code="0">0</subfield>
    <subfield code="1">0</subfield>
    <subfield code="2">ddc</subfield>
    <subfield code="4">0</subfield>
    <subfield code="5">6</subfield>
    <subfield code="7">0</subfield>
    <subfield code="8">SE</subfield>
    <subfield code="a">BNPHU</subfield>
    <subfield code="b">BNPHU</subfield>
    <subfield code="d">2025-07-24</subfield>
    <subfield code="h">A&#xF1;o 3. no. 95, (enero 2001).</subfield>
    <subfield code="l">0</subfield>
    <subfield code="p">2025-7204</subfield>
    <subfield code="r">2025-07-24</subfield>
    <subfield code="t">e.1</subfield>
    <subfield code="w">2025-07-24</subfield>
    <subfield code="y">ISSUE</subfield>
    <subfield code="z">Los Moreno, el &#xE9;xito ha sido el fruto de su uni&#xF3;n.  </subfield>
  </datafield>
  <datafield tag="952" ind1=" " ind2=" ">
    <subfield code="0">0</subfield>
    <subfield code="1">0</subfield>
    <subfield code="2">ddc</subfield>
    <subfield code="4">0</subfield>
    <subfield code="5">6</subfield>
    <subfield code="7">0</subfield>
    <subfield code="8">SE</subfield>
    <subfield code="a">BNPHU</subfield>
    <subfield code="b">BNPHU</subfield>
    <subfield code="d">2025-07-24</subfield>
    <subfield code="h">A&#xF1;o 3. no. 96, (febrero 2001).</subfield>
    <subfield code="l">0</subfield>
    <subfield code="p">2025-7205</subfield>
    <subfield code="r">2025-07-24</subfield>
    <subfield code="t">e.1</subfield>
    <subfield code="w">2025-07-24</subfield>
    <subfield code="y">ISSUE</subfield>
    <subfield code="z">Vanessa &amp; John Ritthaler. "No necesitamos muchas cosas para ser felices".</subfield>
  </datafield>
  <datafield tag="952" ind1=" " ind2=" ">
    <subfield code="0">0</subfield>
    <subfield code="1">0</subfield>
    <subfield code="2">ddc</subfield>
    <subfield code="4">0</subfield>
    <subfield code="5">6</subfield>
    <subfield code="7">0</subfield>
    <subfield code="8">SE</subfield>
    <subfield code="a">BNPHU</subfield>
    <subfield code="b">BNPHU</subfield>
    <subfield code="d">2025-07-24</subfield>
    <subfield code="h">A&#xF1;o 3. no. 97, (febrero 2001).</subfield>
    <subfield code="l">0</subfield>
    <subfield code="p">2025-7206</subfield>
    <subfield code="r">2025-07-24</subfield>
    <subfield code="t">e.1</subfield>
    <subfield code="w">2025-07-24</subfield>
    <subfield code="y">ISSUE</subfield>
    <subfield code="z">Abel Gonz&#xE1;lez: "Hacer las cosas bien, es lo m&#xE1;s importante para m&#xED;".</subfield>
  </datafield>
  <datafield tag="952" ind1=" " ind2=" ">
    <subfield code="0">0</subfield>
    <subfield code="1">0</subfield>
    <subfield code="2">ddc</subfield>
    <subfield code="4">0</subfield>
    <subfield code="5">6</subfield>
    <subfield code="7">0</subfield>
    <subfield code="8">SE</subfield>
    <subfield code="a">BNPHU</subfield>
    <subfield code="b">BNPHU</subfield>
    <subfield code="d">2025-07-24</subfield>
    <subfield code="h">A&#xF1;o 3. no. 98, (marzo 2001).</subfield>
    <subfield code="l">0</subfield>
    <subfield code="p">2025-7207</subfield>
    <subfield code="r">2025-07-24</subfield>
    <subfield code="t">e.1</subfield>
    <subfield code="w">2025-07-24</subfield>
    <subfield code="y">ISSUE</subfield>
    <subfield code="z">Julia Alvarez: "El olor de la cuaba me reconecta con mi tierra".</subfield>
  </datafield>
  <datafield tag="952" ind1=" " ind2=" ">
    <subfield code="0">0</subfield>
    <subfield code="1">0</subfield>
    <subfield code="2">ddc</subfield>
    <subfield code="4">0</subfield>
    <subfield code="5">6</subfield>
    <subfield code="7">0</subfield>
    <subfield code="8">SE</subfield>
    <subfield code="a">BNPHU</subfield>
    <subfield code="b">BNPHU</subfield>
    <subfield code="d">2025-07-24</subfield>
    <subfield code="h">A&#xF1;o 3. no. 99, (marzo 2001).</subfield>
    <subfield code="l">0</subfield>
    <subfield code="p">2025-7208</subfield>
    <subfield code="r">2025-07-24</subfield>
    <subfield code="t">e.1</subfield>
    <subfield code="w">2025-07-24</subfield>
    <subfield code="y">ISSUE</subfield>
    <subfield code="z">Nelva Pel&#xE1;ez de Pichardo.</subfield>
  </datafield>
  <datafield tag="952" ind1=" " ind2=" ">
    <subfield code="0">0</subfield>
    <subfield code="1">0</subfield>
    <subfield code="2">ddc</subfield>
    <subfield code="4">0</subfield>
    <subfield code="5">6</subfield>
    <subfield code="7">0</subfield>
    <subfield code="8">SE</subfield>
    <subfield code="a">BNPHU</subfield>
    <subfield code="b">BNPHU</subfield>
    <subfield code="d">2025-07-24</subfield>
    <subfield code="h">A&#xF1;o 3. no. 100, (abril 2001).</subfield>
    <subfield code="l">0</subfield>
    <subfield code="p">2025-7209</subfield>
    <subfield code="r">2025-07-24</subfield>
    <subfield code="t">e.1</subfield>
    <subfield code="w">2025-07-24</subfield>
    <subfield code="y">ISSUE</subfield>
    <subfield code="z">Carmen Carolina &amp; Edgar Pach&#xF3;n.</subfield>
  </datafield>
  <datafield tag="952" ind1=" " ind2=" ">
    <subfield code="0">0</subfield>
    <subfield code="1">0</subfield>
    <subfield code="2">ddc</subfield>
    <subfield code="4">0</subfield>
    <subfield code="5">6</subfield>
    <subfield code="7">0</subfield>
    <subfield code="8">SE</subfield>
    <subfield code="a">BNPHU</subfield>
    <subfield code="b">BNPHU</subfield>
    <subfield code="d">2025-07-24</subfield>
    <subfield code="h">A&#xF1;o 3. no. 101, (abril 2001).</subfield>
    <subfield code="l">0</subfield>
    <subfield code="p">2025-7210</subfield>
    <subfield code="r">2025-07-24</subfield>
    <subfield code="t">e.1</subfield>
    <subfield code="w">2025-07-24</subfield>
    <subfield code="y">ISSUE</subfield>
    <subfield code="z">Miguel Guerrero &amp; Lara: Adem&#xE1;s de padre e hija, amigos, socios y confidentes.</subfield>
  </datafield>
  <datafield tag="952" ind1=" " ind2=" ">
    <subfield code="0">0</subfield>
    <subfield code="1">0</subfield>
    <subfield code="2">ddc</subfield>
    <subfield code="4">0</subfield>
    <subfield code="5">6</subfield>
    <subfield code="7">0</subfield>
    <subfield code="8">SE</subfield>
    <subfield code="a">BNPHU</subfield>
    <subfield code="b">BNPHU</subfield>
    <subfield code="d">2025-07-24</subfield>
    <subfield code="h">A&#xF1;o 3. no. 102, (mayo 2001).</subfield>
    <subfield code="l">0</subfield>
    <subfield code="p">2025-7211</subfield>
    <subfield code="r">2025-07-24</subfield>
    <subfield code="t">e.1</subfield>
    <subfield code="w">2025-07-24</subfield>
    <subfield code="y">ISSUE</subfield>
    <subfield code="z">Hillary &amp; Bill Clinton.</subfield>
  </datafield>
  <datafield tag="952" ind1=" " ind2=" ">
    <subfield code="0">0</subfield>
    <subfield code="1">0</subfield>
    <subfield code="2">ddc</subfield>
    <subfield code="4">0</subfield>
    <subfield code="5">6</subfield>
    <subfield code="7">0</subfield>
    <subfield code="8">SE</subfield>
    <subfield code="a">BNPHU</subfield>
    <subfield code="b">BNPHU</subfield>
    <subfield code="d">2025-07-24</subfield>
    <subfield code="h">A&#xF1;o 3. no. 103, (mayo 2001).</subfield>
    <subfield code="l">0</subfield>
    <subfield code="p">2025-7212</subfield>
    <subfield code="r">2025-07-24</subfield>
    <subfield code="t">e.1</subfield>
    <subfield code="w">2025-07-24</subfield>
    <subfield code="y">ISSUE</subfield>
    <subfield code="z">Jacqueline Hazim de Pacheco.</subfield>
  </datafield>
  <datafield tag="952" ind1=" " ind2=" ">
    <subfield code="0">0</subfield>
    <subfield code="1">0</subfield>
    <subfield code="2">ddc</subfield>
    <subfield code="4">0</subfield>
    <subfield code="5">6</subfield>
    <subfield code="7">0</subfield>
    <subfield code="8">SE</subfield>
    <subfield code="a">BNPHU</subfield>
    <subfield code="b">BNPHU</subfield>
    <subfield code="d">2025-07-24</subfield>
    <subfield code="h">A&#xF1;o 3. no. 104, (junio 2001).</subfield>
    <subfield code="l">0</subfield>
    <subfield code="p">2025-7213</subfield>
    <subfield code="r">2025-07-24</subfield>
    <subfield code="t">e.1</subfield>
    <subfield code="w">2025-07-24</subfield>
    <subfield code="y">ISSUE</subfield>
    <subfield code="z">Zahira Puig de Pichardo.</subfield>
  </datafield>
  <datafield tag="952" ind1=" " ind2=" ">
    <subfield code="0">0</subfield>
    <subfield code="1">0</subfield>
    <subfield code="2">ddc</subfield>
    <subfield code="4">0</subfield>
    <subfield code="5">6</subfield>
    <subfield code="7">0</subfield>
    <subfield code="8">SE</subfield>
    <subfield code="a">BNPHU</subfield>
    <subfield code="b">BNPHU</subfield>
    <subfield code="d">2025-07-24</subfield>
    <subfield code="h">A&#xF1;o 4. no. 105, (junio 2001).</subfield>
    <subfield code="l">0</subfield>
    <subfield code="p">2025-7214</subfield>
    <subfield code="r">2025-07-24</subfield>
    <subfield code="t">e.1</subfield>
    <subfield code="w">2025-07-24</subfield>
    <subfield code="y">ISSUE</subfield>
    <subfield code="z">Jos&#xE9; Roberto Hern&#xE1;ndez, Axel Wittkop.</subfield>
  </datafield>
  <datafield tag="952" ind1=" " ind2=" ">
    <subfield code="0">0</subfield>
    <subfield code="1">0</subfield>
    <subfield code="2">ddc</subfield>
    <subfield code="4">0</subfield>
    <subfield code="5">6</subfield>
    <subfield code="7">0</subfield>
    <subfield code="8">SE</subfield>
    <subfield code="a">BNPHU</subfield>
    <subfield code="b">BNPHU</subfield>
    <subfield code="d">2025-07-24</subfield>
    <subfield code="h">A&#xF1;o 4. no. 105, (junio 2001).</subfield>
    <subfield code="l">0</subfield>
    <subfield code="p">2025-7215</subfield>
    <subfield code="r">2025-07-24</subfield>
    <subfield code="t">e.2</subfield>
    <subfield code="w">2025-07-24</subfield>
    <subfield code="y">ISSUE</subfield>
    <subfield code="z">Jos&#xE9; Roberto Hern&#xE1;ndez, Axel Wittkop.</subfield>
  </datafield>
  <datafield tag="952" ind1=" " ind2=" ">
    <subfield code="0">0</subfield>
    <subfield code="1">0</subfield>
    <subfield code="2">ddc</subfield>
    <subfield code="4">0</subfield>
    <subfield code="5">6</subfield>
    <subfield code="7">0</subfield>
    <subfield code="8">SE</subfield>
    <subfield code="a">BNPHU</subfield>
    <subfield code="b">BNPHU</subfield>
    <subfield code="d">2025-07-24</subfield>
    <subfield code="h">A&#xF1;o 4. no. 106, (junio 2001).</subfield>
    <subfield code="l">0</subfield>
    <subfield code="p">2025-7216</subfield>
    <subfield code="r">2025-07-24</subfield>
    <subfield code="t">e.1</subfield>
    <subfield code="w">2025-07-24</subfield>
    <subfield code="y">ISSUE</subfield>
    <subfield code="z">Manuel So&#xF1;&#xE9; Mendoza: El m&#xE9;dico enfrent&#xF3; su propio mal...</subfield>
  </datafield>
  <datafield tag="952" ind1=" " ind2=" ">
    <subfield code="0">0</subfield>
    <subfield code="1">0</subfield>
    <subfield code="2">ddc</subfield>
    <subfield code="4">0</subfield>
    <subfield code="5">6</subfield>
    <subfield code="7">0</subfield>
    <subfield code="8">SE</subfield>
    <subfield code="a">BNPHU</subfield>
    <subfield code="b">BNPHU</subfield>
    <subfield code="d">2025-07-24</subfield>
    <subfield code="h">A&#xF1;o 4. no. 107, (julio 2001).</subfield>
    <subfield code="l">0</subfield>
    <subfield code="p">2025-7217</subfield>
    <subfield code="r">2025-07-24</subfield>
    <subfield code="t">e.1</subfield>
    <subfield code="w">2025-07-24</subfield>
    <subfield code="y">ISSUE</subfield>
    <subfield code="z">Ingrid G&#xF3;mez; "El hombre propone y Dios dispone".</subfield>
  </datafield>
  <datafield tag="952" ind1=" " ind2=" ">
    <subfield code="0">0</subfield>
    <subfield code="1">0</subfield>
    <subfield code="2">ddc</subfield>
    <subfield code="4">0</subfield>
    <subfield code="5">6</subfield>
    <subfield code="7">0</subfield>
    <subfield code="8">SE</subfield>
    <subfield code="a">BNPHU</subfield>
    <subfield code="b">BNPHU</subfield>
    <subfield code="d">2025-07-24</subfield>
    <subfield code="h">A&#xF1;o 4. no. 107, (julio 2001).</subfield>
    <subfield code="l">0</subfield>
    <subfield code="p">2025-7218</subfield>
    <subfield code="r">2025-07-24</subfield>
    <subfield code="t">e.2</subfield>
    <subfield code="w">2025-07-24</subfield>
    <subfield code="y">ISSUE</subfield>
    <subfield code="z">Ingrid G&#xF3;mez; "El hombre propone y Dios dispone".</subfield>
  </datafield>
  <datafield tag="952" ind1=" " ind2=" ">
    <subfield code="0">0</subfield>
    <subfield code="1">0</subfield>
    <subfield code="2">ddc</subfield>
    <subfield code="4">0</subfield>
    <subfield code="5">6</subfield>
    <subfield code="7">0</subfield>
    <subfield code="8">SE</subfield>
    <subfield code="a">BNPHU</subfield>
    <subfield code="b">BNPHU</subfield>
    <subfield code="d">2025-07-24</subfield>
    <subfield code="h">A&#xF1;o 4. no. 107, (julio 2001).</subfield>
    <subfield code="l">0</subfield>
    <subfield code="p">2025-7219</subfield>
    <subfield code="r">2025-07-24</subfield>
    <subfield code="t">e.3</subfield>
    <subfield code="w">2025-07-24</subfield>
    <subfield code="y">ISSUE</subfield>
    <subfield code="z">Ingrid G&#xF3;mez; "El hombre propone y Dios dispone".</subfield>
  </datafield>
  <datafield tag="952" ind1=" " ind2=" ">
    <subfield code="0">0</subfield>
    <subfield code="1">0</subfield>
    <subfield code="2">ddc</subfield>
    <subfield code="4">0</subfield>
    <subfield code="5">6</subfield>
    <subfield code="7">0</subfield>
    <subfield code="8">SE</subfield>
    <subfield code="a">BNPHU</subfield>
    <subfield code="b">BNPHU</subfield>
    <subfield code="d">2025-07-24</subfield>
    <subfield code="h">A&#xF1;o 4. no. 107, (julio 2001).</subfield>
    <subfield code="l">0</subfield>
    <subfield code="p">2025-7220</subfield>
    <subfield code="r">2025-07-24</subfield>
    <subfield code="t">e.4</subfield>
    <subfield code="w">2025-07-24</subfield>
    <subfield code="y">ISSUE</subfield>
    <subfield code="z">Ingrid G&#xF3;mez; "El hombre propone y Dios dispone".</subfield>
  </datafield>
  <datafield tag="952" ind1=" " ind2=" ">
    <subfield code="0">0</subfield>
    <subfield code="1">0</subfield>
    <subfield code="2">ddc</subfield>
    <subfield code="4">0</subfield>
    <subfield code="5">6</subfield>
    <subfield code="7">0</subfield>
    <subfield code="8">SE</subfield>
    <subfield code="a">BNPHU</subfield>
    <subfield code="b">BNPHU</subfield>
    <subfield code="d">2025-07-24</subfield>
    <subfield code="h">A&#xF1;o 4. no. 108, (julio 2001).</subfield>
    <subfield code="l">0</subfield>
    <subfield code="p">2025-7221</subfield>
    <subfield code="r">2025-07-24</subfield>
    <subfield code="t">e.1</subfield>
    <subfield code="w">2025-07-24</subfield>
    <subfield code="y">ISSUE</subfield>
    <subfield code="z">Alberto de los Santos.</subfield>
  </datafield>
  <datafield tag="952" ind1=" " ind2=" ">
    <subfield code="0">0</subfield>
    <subfield code="1">0</subfield>
    <subfield code="2">ddc</subfield>
    <subfield code="4">0</subfield>
    <subfield code="5">6</subfield>
    <subfield code="7">0</subfield>
    <subfield code="8">SE</subfield>
    <subfield code="a">BNPHU</subfield>
    <subfield code="b">BNPHU</subfield>
    <subfield code="d">2025-07-24</subfield>
    <subfield code="h">A&#xF1;o 4. no. 108, (julio 2001).</subfield>
    <subfield code="l">0</subfield>
    <subfield code="p">2025-7222</subfield>
    <subfield code="r">2025-07-24</subfield>
    <subfield code="t">e.2</subfield>
    <subfield code="w">2025-07-24</subfield>
    <subfield code="y">ISSUE</subfield>
    <subfield code="z">Alberto de los Santos.</subfield>
  </datafield>
  <datafield tag="952" ind1=" " ind2=" ">
    <subfield code="0">0</subfield>
    <subfield code="1">0</subfield>
    <subfield code="2">ddc</subfield>
    <subfield code="4">0</subfield>
    <subfield code="5">6</subfield>
    <subfield code="7">0</subfield>
    <subfield code="8">SE</subfield>
    <subfield code="a">BNPHU</subfield>
    <subfield code="b">BNPHU</subfield>
    <subfield code="d">2025-07-24</subfield>
    <subfield code="h">A&#xF1;o 4. no. 108, (julio 2001).</subfield>
    <subfield code="l">0</subfield>
    <subfield code="p">2025-7223</subfield>
    <subfield code="r">2025-07-24</subfield>
    <subfield code="t">e.3</subfield>
    <subfield code="w">2025-07-24</subfield>
    <subfield code="y">ISSUE</subfield>
    <subfield code="z">Alberto de los Santos.</subfield>
  </datafield>
  <datafield tag="952" ind1=" " ind2=" ">
    <subfield code="0">0</subfield>
    <subfield code="1">0</subfield>
    <subfield code="2">ddc</subfield>
    <subfield code="4">0</subfield>
    <subfield code="5">6</subfield>
    <subfield code="7">0</subfield>
    <subfield code="8">SE</subfield>
    <subfield code="a">BNPHU</subfield>
    <subfield code="b">BNPHU</subfield>
    <subfield code="d">2025-07-24</subfield>
    <subfield code="h">A&#xF1;o 4. no. 109, (agosto 2001).</subfield>
    <subfield code="l">0</subfield>
    <subfield code="p">2025-7224</subfield>
    <subfield code="r">2025-07-24</subfield>
    <subfield code="t">e.1</subfield>
    <subfield code="w">2025-07-24</subfield>
    <subfield code="y">ISSUE</subfield>
    <subfield code="z">Ingrid Elias: Enfrentando los retos con su mejor cara.</subfield>
  </datafield>
  <datafield tag="952" ind1=" " ind2=" ">
    <subfield code="0">0</subfield>
    <subfield code="1">0</subfield>
    <subfield code="2">ddc</subfield>
    <subfield code="4">0</subfield>
    <subfield code="5">6</subfield>
    <subfield code="7">0</subfield>
    <subfield code="8">SE</subfield>
    <subfield code="a">BNPHU</subfield>
    <subfield code="b">BNPHU</subfield>
    <subfield code="d">2025-07-24</subfield>
    <subfield code="h">A&#xF1;o 4. no. 110, (agosto 2001).</subfield>
    <subfield code="l">0</subfield>
    <subfield code="p">2025-7225</subfield>
    <subfield code="r">2025-07-24</subfield>
    <subfield code="t">e.1</subfield>
    <subfield code="w">2025-07-24</subfield>
    <subfield code="y">ISSUE</subfield>
    <subfield code="z">Alberto Tarabotto: "Soy el producto de mis propias experiencias".</subfield>
  </datafield>
  <datafield tag="952" ind1=" " ind2=" ">
    <subfield code="0">0</subfield>
    <subfield code="1">0</subfield>
    <subfield code="2">ddc</subfield>
    <subfield code="4">0</subfield>
    <subfield code="5">6</subfield>
    <subfield code="7">0</subfield>
    <subfield code="8">SE</subfield>
    <subfield code="a">BNPHU</subfield>
    <subfield code="b">BNPHU</subfield>
    <subfield code="d">2025-07-24</subfield>
    <subfield code="h">A&#xF1;o 4. no. 111, (septiembre 2001).</subfield>
    <subfield code="l">0</subfield>
    <subfield code="p">2025-7226</subfield>
    <subfield code="r">2025-07-24</subfield>
    <subfield code="t">e.1</subfield>
    <subfield code="w">2025-07-24</subfield>
    <subfield code="y">ISSUE</subfield>
    <subfield code="z">Heriberto Hern&#xE1;ndez: Rey de las noches en Santiago.</subfield>
  </datafield>
  <datafield tag="952" ind1=" " ind2=" ">
    <subfield code="0">0</subfield>
    <subfield code="1">0</subfield>
    <subfield code="2">ddc</subfield>
    <subfield code="4">0</subfield>
    <subfield code="5">6</subfield>
    <subfield code="7">0</subfield>
    <subfield code="8">SE</subfield>
    <subfield code="a">BNPHU</subfield>
    <subfield code="b">BNPHU</subfield>
    <subfield code="d">2025-07-24</subfield>
    <subfield code="h">A&#xF1;o 4. no. 111, (septiembre 2001).</subfield>
    <subfield code="l">0</subfield>
    <subfield code="p">2025-7227</subfield>
    <subfield code="r">2025-07-24</subfield>
    <subfield code="t">e.2</subfield>
    <subfield code="w">2025-07-24</subfield>
    <subfield code="y">ISSUE</subfield>
    <subfield code="z">Heriberto Hern&#xE1;ndez: Rey de las noches en Santiago.</subfield>
  </datafield>
  <datafield tag="952" ind1=" " ind2=" ">
    <subfield code="0">0</subfield>
    <subfield code="1">0</subfield>
    <subfield code="2">ddc</subfield>
    <subfield code="4">0</subfield>
    <subfield code="5">6</subfield>
    <subfield code="7">0</subfield>
    <subfield code="8">SE</subfield>
    <subfield code="a">BNPHU</subfield>
    <subfield code="b">BNPHU</subfield>
    <subfield code="d">2025-07-24</subfield>
    <subfield code="h">A&#xF1;o 4. no. 111, (septiembre 2001).</subfield>
    <subfield code="l">0</subfield>
    <subfield code="p">2025-7228</subfield>
    <subfield code="r">2025-07-24</subfield>
    <subfield code="t">e.3</subfield>
    <subfield code="w">2025-07-24</subfield>
    <subfield code="y">ISSUE</subfield>
    <subfield code="z">Heriberto Hern&#xE1;ndez: Rey de las noches en Santiago.</subfield>
  </datafield>
  <datafield tag="952" ind1=" " ind2=" ">
    <subfield code="0">0</subfield>
    <subfield code="1">0</subfield>
    <subfield code="2">ddc</subfield>
    <subfield code="4">0</subfield>
    <subfield code="5">6</subfield>
    <subfield code="7">0</subfield>
    <subfield code="8">SE</subfield>
    <subfield code="a">BNPHU</subfield>
    <subfield code="b">BNPHU</subfield>
    <subfield code="d">2025-07-24</subfield>
    <subfield code="h">A&#xF1;o 4. no. 112, (septiembre 2001).</subfield>
    <subfield code="l">0</subfield>
    <subfield code="p">2025-7229</subfield>
    <subfield code="r">2025-07-24</subfield>
    <subfield code="t">e.1</subfield>
    <subfield code="w">2025-07-24</subfield>
    <subfield code="y">ISSUE</subfield>
    <subfield code="z">Flavio Dar&#xED;o Espinal: "Fui el rostro de mi pa&#xED;s ante los ojos del mundo".</subfield>
  </datafield>
  <datafield tag="952" ind1=" " ind2=" ">
    <subfield code="0">0</subfield>
    <subfield code="1">0</subfield>
    <subfield code="2">ddc</subfield>
    <subfield code="4">0</subfield>
    <subfield code="5">6</subfield>
    <subfield code="7">0</subfield>
    <subfield code="8">SE</subfield>
    <subfield code="a">BNPHU</subfield>
    <subfield code="b">BNPHU</subfield>
    <subfield code="d">2025-07-24</subfield>
    <subfield code="h">A&#xF1;o 4. no. 112, (septiembre 2001).</subfield>
    <subfield code="l">0</subfield>
    <subfield code="p">2025-7230</subfield>
    <subfield code="r">2025-07-24</subfield>
    <subfield code="t">e.2</subfield>
    <subfield code="w">2025-07-24</subfield>
    <subfield code="y">ISSUE</subfield>
    <subfield code="z">Flavio Dar&#xED;o Espinal: "Fui el rostro de mi pa&#xED;s ante los ojos del mundo".</subfield>
  </datafield>
  <datafield tag="952" ind1=" " ind2=" ">
    <subfield code="0">0</subfield>
    <subfield code="1">0</subfield>
    <subfield code="2">ddc</subfield>
    <subfield code="4">0</subfield>
    <subfield code="5">6</subfield>
    <subfield code="7">0</subfield>
    <subfield code="8">SE</subfield>
    <subfield code="a">BNPHU</subfield>
    <subfield code="b">BNPHU</subfield>
    <subfield code="d">2025-07-24</subfield>
    <subfield code="h">A&#xF1;o 4. no. 113, (octubre 2001).</subfield>
    <subfield code="l">0</subfield>
    <subfield code="p">2025-7231</subfield>
    <subfield code="r">2025-07-24</subfield>
    <subfield code="t">e.1</subfield>
    <subfield code="w">2025-07-24</subfield>
    <subfield code="y">ISSUE</subfield>
    <subfield code="z">Juergen Eisermann: "Un gran milagro de Dios bendice mis manos cada d&#xED;a".</subfield>
  </datafield>
  <datafield tag="952" ind1=" " ind2=" ">
    <subfield code="0">0</subfield>
    <subfield code="1">0</subfield>
    <subfield code="2">ddc</subfield>
    <subfield code="4">0</subfield>
    <subfield code="5">6</subfield>
    <subfield code="7">0</subfield>
    <subfield code="8">SE</subfield>
    <subfield code="a">BNPHU</subfield>
    <subfield code="b">BNPHU</subfield>
    <subfield code="d">2025-07-24</subfield>
    <subfield code="h">A&#xF1;o 4. no. 114, (octubre 2001).</subfield>
    <subfield code="l">0</subfield>
    <subfield code="p">2025-7232</subfield>
    <subfield code="r">2025-07-24</subfield>
    <subfield code="t">e.1</subfield>
    <subfield code="w">2025-07-24</subfield>
    <subfield code="y">ISSUE</subfield>
    <subfield code="z">Patricia, Maribel y Gloria Mar&#xED;a: Aut&#xE9;ntica trilog&#xED;a de esencia isle&#xF1;a.</subfield>
  </datafield>
  <datafield tag="952" ind1=" " ind2=" ">
    <subfield code="0">0</subfield>
    <subfield code="1">0</subfield>
    <subfield code="2">ddc</subfield>
    <subfield code="4">0</subfield>
    <subfield code="5">6</subfield>
    <subfield code="7">0</subfield>
    <subfield code="8">SE</subfield>
    <subfield code="a">BNPHU</subfield>
    <subfield code="b">BNPHU</subfield>
    <subfield code="d">2025-07-24</subfield>
    <subfield code="h">A&#xF1;o 4. no. 114, (octubre 2001).</subfield>
    <subfield code="l">0</subfield>
    <subfield code="p">2025-7233</subfield>
    <subfield code="r">2025-07-24</subfield>
    <subfield code="t">e.2</subfield>
    <subfield code="w">2025-07-24</subfield>
    <subfield code="y">ISSUE</subfield>
    <subfield code="z">Patricia, Maribel y Gloria Mar&#xED;a: Aut&#xE9;ntica trilog&#xED;a de esencia isle&#xF1;a.</subfield>
  </datafield>
  <datafield tag="999" ind1=" " ind2=" ">
    <subfield code="c">37046</subfield>
    <subfield code="d">37046</subfield>
  </datafield>
</record>
